<?xml version="1.0" encoding="UTF-8"?>
<record
    xmlns:xsi="http://www.w3.org/2001/XMLSchema-instance"
    xsi:schemaLocation="http://www.loc.gov/MARC21/slim http://www.loc.gov/standards/marcxml/schema/MARC21slim.xsd"
    xmlns="http://www.loc.gov/MARC21/slim">

  <leader>01335nas a2200241 454500</leader>
  <controlfield tag="001">11485</controlfield>
  <controlfield tag="005">20260407193504.0</controlfield>
  <controlfield tag="008">260407s1975####ag###########|||spa#d</controlfield>
  <controlfield tag="003">AR-UNSa-BCEJYS</controlfield>
  <datafield tag="040" ind1=" " ind2=" ">
    <subfield code="a">AR-UNSa-BCEJYS</subfield>
    <subfield code="b">spa</subfield>
    <subfield code="c">AR-UNSa-BCEJYS</subfield>
  </datafield>
  <datafield tag="080" ind1=" " ind2=" ">
    <subfield code="a">330</subfield>
    <subfield code="x">Econom&#xED;a en general</subfield>
  </datafield>
  <datafield tag="245" ind1="1" ind2="0">
    <subfield code="a">Journal of public economics</subfield>
  </datafield>
  <datafield tag="022" ind1=" " ind2=" ">
    <subfield code="a">0047-2727</subfield>
  </datafield>
  <datafield tag="264" ind1=" " ind2="1">
    <subfield code="a">Amsterdam :</subfield>
    <subfield code="b">North Holland</subfield>
    <subfield code="c">1975</subfield>
  </datafield>
  <datafield tag="310" ind1=" " ind2=" ">
    <subfield code="a">Frecuencia: Irregular
Acceso a texto completo brindado por el Ministerio de Ciencia, Tecnolog&#xED;a e Innovaci&#xF3;n productiva
A partir del Vol. 15 N&#xBA; 1, se agrega como Editor N.H Stern
A partir del Vol. 67 N&#xBA; 1, cambian los Editores a R.H. Gordon y J.M. Poterba
A partir del Vol. 87 N&#xBA; 1, se reemplaza al Editor R.H Gordon por J.M. Boadway 
A partir del Vol. 90 N&#xBA; 6/7, se reemplaza al Editor J.M. Poterbapor E. Saez
A partir del Vol. 93 N&#xBA; 5/6, se reemplaza al Editor J.M. Boadway por R. Chetty
A partir del Vol. 94 N&#xBA; 11/12, deja de ser Editor E. Saez
A partir del Vol. 95 N&#xBA; 9/10, se agrega como Editor E. Saez
</subfield>
  </datafield>
  <datafield tag="942" ind1=" " ind2=" ">
    <subfield code="c">SER</subfield>
  </datafield>
  <datafield tag="590" ind1=" " ind2=" ">
    <subfield code="a">niveau_biblio:s niveau_hierar:1</subfield>
  </datafield>
  <datafield tag="100" ind1="1" ind2=" ">
    <subfield code="a">Atkinson, A.B.</subfield>
  </datafield>
  <datafield tag="650" ind1=" " ind2=" ">
    <subfield code="a">Teor&#xED;as econ&#xF3;micas</subfield>
  </datafield>
  <datafield tag="650" ind1=" " ind2=" ">
    <subfield code="a">Hacienda p&#xFA;blica</subfield>
  </datafield>
  <datafield tag="650" ind1=" " ind2=" ">
    <subfield code="a">ECONOMIA</subfield>
  </datafield>
  <datafield tag="856" ind1="4" ind2="1">
    <subfield code="u">https://biblioeco.unsa.edu.ar/pmb/images/revistas/R09811.jpg</subfield>
    <subfield code="y">Imagen de portada</subfield>
    <subfield code="q">image/jpeg</subfield>
  </datafield>
  <datafield tag="999" ind1=" " ind2=" ">
    <subfield code="c">8447</subfield>
    <subfield code="d">8447</subfield>
  </datafield>
  <datafield tag="952" ind1=" " ind2=" ">
    <subfield code="0">0</subfield>
    <subfield code="1">0</subfield>
    <subfield code="4">0</subfield>
    <subfield code="7">0</subfield>
    <subfield code="a">BCEJYS</subfield>
    <subfield code="b">BCEJYS</subfield>
    <subfield code="c">17</subfield>
    <subfield code="d">2014-02-01</subfield>
    <subfield code="h">Vol. 110, N&#xBA; 2 - feb. 2013</subfield>
    <subfield code="l">0</subfield>
    <subfield code="o">H330 PUB v110.n2</subfield>
    <subfield code="p">R14150</subfield>
    <subfield code="r">2026-04-10 16:07:14</subfield>
    <subfield code="w">2026-04-10</subfield>
    <subfield code="y">RN</subfield>
  </datafield>
  <datafield tag="952" ind1=" " ind2=" ">
    <subfield code="0">0</subfield>
    <subfield code="1">0</subfield>
    <subfield code="4">0</subfield>
    <subfield code="7">0</subfield>
    <subfield code="a">BCEJYS</subfield>
    <subfield code="b">BCEJYS</subfield>
    <subfield code="c">17</subfield>
    <subfield code="d">2013-12-01</subfield>
    <subfield code="h">Vol. 108, N&#xBA; 12 - dic. 2013</subfield>
    <subfield code="l">0</subfield>
    <subfield code="o">H330 PUB v108.n12</subfield>
    <subfield code="p">R09803</subfield>
    <subfield code="r">2026-04-10 16:07:14</subfield>
    <subfield code="w">2026-04-10</subfield>
    <subfield code="y">RN</subfield>
  </datafield>
  <datafield tag="952" ind1=" " ind2=" ">
    <subfield code="0">0</subfield>
    <subfield code="1">0</subfield>
    <subfield code="4">0</subfield>
    <subfield code="7">0</subfield>
    <subfield code="a">BCEJYS</subfield>
    <subfield code="b">BCEJYS</subfield>
    <subfield code="c">17</subfield>
    <subfield code="d">2013-10-01</subfield>
    <subfield code="h">Vol. 106, N&#xBA; 10 - oct. 2013</subfield>
    <subfield code="l">0</subfield>
    <subfield code="o">H330 PUB v106.n10</subfield>
    <subfield code="p">R09802</subfield>
    <subfield code="r">2026-04-10 16:07:14</subfield>
    <subfield code="w">2026-04-10</subfield>
    <subfield code="y">RN</subfield>
  </datafield>
  <datafield tag="952" ind1=" " ind2=" ">
    <subfield code="0">0</subfield>
    <subfield code="1">0</subfield>
    <subfield code="4">0</subfield>
    <subfield code="7">0</subfield>
    <subfield code="a">BCEJYS</subfield>
    <subfield code="b">BCEJYS</subfield>
    <subfield code="c">17</subfield>
    <subfield code="d">2013-09-01</subfield>
    <subfield code="h">Vol. 105, N&#xBA; 9 - sep. 2013</subfield>
    <subfield code="l">0</subfield>
    <subfield code="o">H330 PUB v105.n9</subfield>
    <subfield code="p">R09720</subfield>
    <subfield code="r">2026-04-10 16:07:14</subfield>
    <subfield code="w">2026-04-10</subfield>
    <subfield code="y">RN</subfield>
  </datafield>
  <datafield tag="952" ind1=" " ind2=" ">
    <subfield code="0">0</subfield>
    <subfield code="1">0</subfield>
    <subfield code="4">0</subfield>
    <subfield code="7">0</subfield>
    <subfield code="a">BCEJYS</subfield>
    <subfield code="b">BCEJYS</subfield>
    <subfield code="c">17</subfield>
    <subfield code="d">2013-08-01</subfield>
    <subfield code="h">Vol. 104, N&#xBA; 8 - ago. 2013</subfield>
    <subfield code="l">0</subfield>
    <subfield code="o">H330 PUB v104.n8</subfield>
    <subfield code="p">R09719</subfield>
    <subfield code="r">2026-04-10 16:07:14</subfield>
    <subfield code="w">2026-04-10</subfield>
    <subfield code="y">RN</subfield>
  </datafield>
  <datafield tag="952" ind1=" " ind2=" ">
    <subfield code="0">0</subfield>
    <subfield code="1">0</subfield>
    <subfield code="4">0</subfield>
    <subfield code="7">0</subfield>
    <subfield code="a">BCEJYS</subfield>
    <subfield code="b">BCEJYS</subfield>
    <subfield code="c">17</subfield>
    <subfield code="d">2013-07-01</subfield>
    <subfield code="h">Vol. 103, N&#xBA; 5 - jul. 2013</subfield>
    <subfield code="l">0</subfield>
    <subfield code="o">H330 PUB v103.n7</subfield>
    <subfield code="p">R10153</subfield>
    <subfield code="r">2026-04-10 16:07:14</subfield>
    <subfield code="w">2026-04-10</subfield>
    <subfield code="y">RN</subfield>
  </datafield>
  <datafield tag="952" ind1=" " ind2=" ">
    <subfield code="0">0</subfield>
    <subfield code="1">0</subfield>
    <subfield code="4">0</subfield>
    <subfield code="7">0</subfield>
    <subfield code="a">BCEJYS</subfield>
    <subfield code="b">BCEJYS</subfield>
    <subfield code="c">17</subfield>
    <subfield code="d">2013-05-01</subfield>
    <subfield code="h">Vol. 101, N&#xBA; 5 - may. 2013</subfield>
    <subfield code="l">0</subfield>
    <subfield code="o">H330 PUB v101 n5</subfield>
    <subfield code="p">R10176</subfield>
    <subfield code="r">2026-04-10 16:07:14</subfield>
    <subfield code="w">2026-04-10</subfield>
    <subfield code="y">RN</subfield>
  </datafield>
  <datafield tag="952" ind1=" " ind2=" ">
    <subfield code="0">0</subfield>
    <subfield code="1">0</subfield>
    <subfield code="4">0</subfield>
    <subfield code="7">0</subfield>
    <subfield code="a">BCEJYS</subfield>
    <subfield code="b">BCEJYS</subfield>
    <subfield code="c">17</subfield>
    <subfield code="d">2013-01-01</subfield>
    <subfield code="h">Vol. 97, N&#xBA; 1 - ene. 2013</subfield>
    <subfield code="l">0</subfield>
    <subfield code="o">H330 PUB v97.n1</subfield>
    <subfield code="p">R14152</subfield>
    <subfield code="r">2026-04-10 16:07:14</subfield>
    <subfield code="w">2026-04-10</subfield>
    <subfield code="y">RN</subfield>
  </datafield>
  <datafield tag="952" ind1=" " ind2=" ">
    <subfield code="0">0</subfield>
    <subfield code="1">0</subfield>
    <subfield code="4">0</subfield>
    <subfield code="7">0</subfield>
    <subfield code="a">BCEJYS</subfield>
    <subfield code="b">BCEJYS</subfield>
    <subfield code="c">17</subfield>
    <subfield code="d">2012-10-01</subfield>
    <subfield code="h">Vol. 96, N&#xBA; 9/10 - oct. 2012</subfield>
    <subfield code="l">0</subfield>
    <subfield code="o">H330 PUB v96.n9/10</subfield>
    <subfield code="p">R10178</subfield>
    <subfield code="r">2026-04-10 16:07:14</subfield>
    <subfield code="w">2026-04-10</subfield>
    <subfield code="y">RN</subfield>
  </datafield>
  <datafield tag="952" ind1=" " ind2=" ">
    <subfield code="0">0</subfield>
    <subfield code="1">0</subfield>
    <subfield code="4">0</subfield>
    <subfield code="7">0</subfield>
    <subfield code="a">BCEJYS</subfield>
    <subfield code="b">BCEJYS</subfield>
    <subfield code="c">17</subfield>
    <subfield code="d">2012-08-01</subfield>
    <subfield code="h">Vol. 96, N&#xBA; 7/8 - ago. 2012</subfield>
    <subfield code="l">0</subfield>
    <subfield code="o">H330 PUB v96.n7/8</subfield>
    <subfield code="p">R09824</subfield>
    <subfield code="r">2026-04-10 16:07:14</subfield>
    <subfield code="w">2026-04-10</subfield>
    <subfield code="y">RN</subfield>
  </datafield>
  <datafield tag="952" ind1=" " ind2=" ">
    <subfield code="0">0</subfield>
    <subfield code="1">0</subfield>
    <subfield code="4">0</subfield>
    <subfield code="7">0</subfield>
    <subfield code="a">BCEJYS</subfield>
    <subfield code="b">BCEJYS</subfield>
    <subfield code="c">17</subfield>
    <subfield code="d">2012-06-01</subfield>
    <subfield code="h">Vol. 96, N&#xBA; 5/6 - jun. 2012</subfield>
    <subfield code="l">0</subfield>
    <subfield code="o">H330 PUB v96.n5/6</subfield>
    <subfield code="p">R14133</subfield>
    <subfield code="r">2026-04-10 16:07:14</subfield>
    <subfield code="w">2026-04-10</subfield>
    <subfield code="y">RN</subfield>
  </datafield>
  <datafield tag="952" ind1=" " ind2=" ">
    <subfield code="0">0</subfield>
    <subfield code="1">0</subfield>
    <subfield code="4">0</subfield>
    <subfield code="7">0</subfield>
    <subfield code="a">BCEJYS</subfield>
    <subfield code="b">BCEJYS</subfield>
    <subfield code="c">17</subfield>
    <subfield code="d">2012-04-01</subfield>
    <subfield code="h">Vol. 96, N&#xBA; 3/4 - abr. 2012</subfield>
    <subfield code="l">0</subfield>
    <subfield code="o">H330 PUB v96.n3/4</subfield>
    <subfield code="p">R09823</subfield>
    <subfield code="r">2026-04-10 16:07:14</subfield>
    <subfield code="w">2026-04-10</subfield>
    <subfield code="y">RN</subfield>
  </datafield>
  <datafield tag="952" ind1=" " ind2=" ">
    <subfield code="0">0</subfield>
    <subfield code="1">0</subfield>
    <subfield code="4">0</subfield>
    <subfield code="7">0</subfield>
    <subfield code="a">BCEJYS</subfield>
    <subfield code="b">BCEJYS</subfield>
    <subfield code="c">17</subfield>
    <subfield code="d">2012-02-01</subfield>
    <subfield code="h">Vol. 96, N&#xBA; 1/2 - feb. 2012</subfield>
    <subfield code="l">0</subfield>
    <subfield code="o">H330 PUB v96.n1/2</subfield>
    <subfield code="p">R14052</subfield>
    <subfield code="r">2026-04-10 16:07:14</subfield>
    <subfield code="w">2026-04-10</subfield>
    <subfield code="y">RN</subfield>
  </datafield>
  <datafield tag="952" ind1=" " ind2=" ">
    <subfield code="0">0</subfield>
    <subfield code="1">0</subfield>
    <subfield code="4">0</subfield>
    <subfield code="7">0</subfield>
    <subfield code="a">BCEJYS</subfield>
    <subfield code="b">BCEJYS</subfield>
    <subfield code="c">17</subfield>
    <subfield code="d">2011-12-01</subfield>
    <subfield code="h">Vol. 95, N&#xBA; 11/12 - dic.2011</subfield>
    <subfield code="l">0</subfield>
    <subfield code="o">H330 PUB v95.n11/12</subfield>
    <subfield code="p">R14154</subfield>
    <subfield code="r">2026-04-10 16:07:14</subfield>
    <subfield code="w">2026-04-10</subfield>
    <subfield code="y">RN</subfield>
  </datafield>
  <datafield tag="952" ind1=" " ind2=" ">
    <subfield code="0">0</subfield>
    <subfield code="1">0</subfield>
    <subfield code="4">0</subfield>
    <subfield code="7">0</subfield>
    <subfield code="a">BCEJYS</subfield>
    <subfield code="b">BCEJYS</subfield>
    <subfield code="c">17</subfield>
    <subfield code="d">2011-10-01</subfield>
    <subfield code="h">Vol. 95, N&#xBA; 9/10 - oct. 2011</subfield>
    <subfield code="l">0</subfield>
    <subfield code="o">H330 PUB v95.n9/10</subfield>
    <subfield code="p">R09721</subfield>
    <subfield code="r">2026-04-10 16:07:14</subfield>
    <subfield code="w">2026-04-10</subfield>
    <subfield code="y">RN</subfield>
  </datafield>
  <datafield tag="952" ind1=" " ind2=" ">
    <subfield code="0">0</subfield>
    <subfield code="1">0</subfield>
    <subfield code="4">0</subfield>
    <subfield code="7">0</subfield>
    <subfield code="a">BCEJYS</subfield>
    <subfield code="b">BCEJYS</subfield>
    <subfield code="c">17</subfield>
    <subfield code="d">2011-08-01</subfield>
    <subfield code="h">Vol. 95, N&#xBA; 7/8 - ago. 2011</subfield>
    <subfield code="l">0</subfield>
    <subfield code="o">H330 PUB v95.n7/8</subfield>
    <subfield code="p">R09747</subfield>
    <subfield code="r">2026-04-10 16:07:14</subfield>
    <subfield code="w">2026-04-10</subfield>
    <subfield code="y">RN</subfield>
  </datafield>
  <datafield tag="952" ind1=" " ind2=" ">
    <subfield code="0">0</subfield>
    <subfield code="1">0</subfield>
    <subfield code="4">0</subfield>
    <subfield code="7">0</subfield>
    <subfield code="a">BCEJYS</subfield>
    <subfield code="b">BCEJYS</subfield>
    <subfield code="c">17</subfield>
    <subfield code="d">2011-06-01</subfield>
    <subfield code="h">Vol. 95, N&#xBA; 5/6 - jun. 2011</subfield>
    <subfield code="l">0</subfield>
    <subfield code="o">H330 PUB v95.n5/6</subfield>
    <subfield code="p">R09766</subfield>
    <subfield code="r">2026-04-10 16:07:14</subfield>
    <subfield code="w">2026-04-10</subfield>
    <subfield code="y">RN</subfield>
  </datafield>
  <datafield tag="952" ind1=" " ind2=" ">
    <subfield code="0">0</subfield>
    <subfield code="1">0</subfield>
    <subfield code="4">0</subfield>
    <subfield code="7">0</subfield>
    <subfield code="a">BCEJYS</subfield>
    <subfield code="b">BCEJYS</subfield>
    <subfield code="c">17</subfield>
    <subfield code="d">2011-04-01</subfield>
    <subfield code="h">Vol. 95, N&#xBA; 3/4 - abr. 2011</subfield>
    <subfield code="l">0</subfield>
    <subfield code="o">H330 PUB v95.n3/4</subfield>
    <subfield code="p">R09763</subfield>
    <subfield code="r">2026-04-10 16:07:14</subfield>
    <subfield code="w">2026-04-10</subfield>
    <subfield code="y">RN</subfield>
  </datafield>
  <datafield tag="952" ind1=" " ind2=" ">
    <subfield code="0">0</subfield>
    <subfield code="1">0</subfield>
    <subfield code="4">0</subfield>
    <subfield code="7">0</subfield>
    <subfield code="a">BCEJYS</subfield>
    <subfield code="b">BCEJYS</subfield>
    <subfield code="c">17</subfield>
    <subfield code="d">2010-12-01</subfield>
    <subfield code="h">Vol. 94, N&#xBA; 11/12 - dic. 2010</subfield>
    <subfield code="l">0</subfield>
    <subfield code="o">H330 PUB v94.n11/12</subfield>
    <subfield code="p">R09764</subfield>
    <subfield code="r">2026-04-10 16:07:14</subfield>
    <subfield code="w">2026-04-10</subfield>
    <subfield code="y">RN</subfield>
  </datafield>
  <datafield tag="952" ind1=" " ind2=" ">
    <subfield code="0">0</subfield>
    <subfield code="1">0</subfield>
    <subfield code="4">0</subfield>
    <subfield code="7">0</subfield>
    <subfield code="a">BCEJYS</subfield>
    <subfield code="b">BCEJYS</subfield>
    <subfield code="c">17</subfield>
    <subfield code="d">2010-08-01</subfield>
    <subfield code="h">Vol. 94, N&#xBA; 7/8 - ago. 2010</subfield>
    <subfield code="l">0</subfield>
    <subfield code="o">H330 PUB v94.n7/8</subfield>
    <subfield code="p">R09870</subfield>
    <subfield code="r">2026-04-10 16:07:14</subfield>
    <subfield code="w">2026-04-10</subfield>
    <subfield code="y">RN</subfield>
  </datafield>
  <datafield tag="952" ind1=" " ind2=" ">
    <subfield code="0">0</subfield>
    <subfield code="1">0</subfield>
    <subfield code="4">0</subfield>
    <subfield code="7">0</subfield>
    <subfield code="a">BCEJYS</subfield>
    <subfield code="b">BCEJYS</subfield>
    <subfield code="c">17</subfield>
    <subfield code="d">2010-06-01</subfield>
    <subfield code="h">Vol. 94, N&#xBA; 5/6 - jun. 2010</subfield>
    <subfield code="l">0</subfield>
    <subfield code="o">H330 PUB v94.n5/6</subfield>
    <subfield code="p">R09761</subfield>
    <subfield code="r">2026-04-10 16:07:14</subfield>
    <subfield code="w">2026-04-10</subfield>
    <subfield code="y">RN</subfield>
  </datafield>
  <datafield tag="952" ind1=" " ind2=" ">
    <subfield code="0">0</subfield>
    <subfield code="1">0</subfield>
    <subfield code="4">0</subfield>
    <subfield code="7">0</subfield>
    <subfield code="a">BCEJYS</subfield>
    <subfield code="b">BCEJYS</subfield>
    <subfield code="c">17</subfield>
    <subfield code="d">2010-04-01</subfield>
    <subfield code="h">Vol. 94, N&#xBA; 3/4 - abr. 2010</subfield>
    <subfield code="l">0</subfield>
    <subfield code="o">H330 PUB v94.n3/4</subfield>
    <subfield code="p">R09762</subfield>
    <subfield code="r">2026-04-10 16:07:14</subfield>
    <subfield code="w">2026-04-10</subfield>
    <subfield code="y">RN</subfield>
  </datafield>
  <datafield tag="952" ind1=" " ind2=" ">
    <subfield code="0">0</subfield>
    <subfield code="1">0</subfield>
    <subfield code="4">0</subfield>
    <subfield code="7">0</subfield>
    <subfield code="a">BCEJYS</subfield>
    <subfield code="b">BCEJYS</subfield>
    <subfield code="c">17</subfield>
    <subfield code="d">2010-02-01</subfield>
    <subfield code="h">Vol. 94, N&#xBA; 1/2 - feb. 2010</subfield>
    <subfield code="l">0</subfield>
    <subfield code="o">H330 PUB v94.n1/2</subfield>
    <subfield code="p">R09759</subfield>
    <subfield code="r">2026-04-10 16:07:14</subfield>
    <subfield code="w">2026-04-10</subfield>
    <subfield code="y">RN</subfield>
  </datafield>
  <datafield tag="952" ind1=" " ind2=" ">
    <subfield code="0">0</subfield>
    <subfield code="1">0</subfield>
    <subfield code="4">0</subfield>
    <subfield code="7">0</subfield>
    <subfield code="a">BCEJYS</subfield>
    <subfield code="b">BCEJYS</subfield>
    <subfield code="c">17</subfield>
    <subfield code="d">2009-12-01</subfield>
    <subfield code="h">Vol. 93, N&#xBA; 11/12 - dic. 2009</subfield>
    <subfield code="l">0</subfield>
    <subfield code="o">H330 PUB v93.n11/12</subfield>
    <subfield code="p">R09760</subfield>
    <subfield code="r">2026-04-10 16:07:14</subfield>
    <subfield code="w">2026-04-10</subfield>
    <subfield code="y">RN</subfield>
  </datafield>
  <datafield tag="952" ind1=" " ind2=" ">
    <subfield code="0">0</subfield>
    <subfield code="1">0</subfield>
    <subfield code="4">0</subfield>
    <subfield code="7">0</subfield>
    <subfield code="a">BCEJYS</subfield>
    <subfield code="b">BCEJYS</subfield>
    <subfield code="c">17</subfield>
    <subfield code="d">2009-10-01</subfield>
    <subfield code="h">Vol. 93, N&#xBA; 9/10 - oct. 2009</subfield>
    <subfield code="l">0</subfield>
    <subfield code="o">H330 PUB v93.n9/10</subfield>
    <subfield code="p">R09758</subfield>
    <subfield code="r">2026-04-10 16:07:14</subfield>
    <subfield code="w">2026-04-10</subfield>
    <subfield code="y">RN</subfield>
  </datafield>
  <datafield tag="952" ind1=" " ind2=" ">
    <subfield code="0">0</subfield>
    <subfield code="1">0</subfield>
    <subfield code="4">0</subfield>
    <subfield code="7">0</subfield>
    <subfield code="a">BCEJYS</subfield>
    <subfield code="b">BCEJYS</subfield>
    <subfield code="c">17</subfield>
    <subfield code="d">2009-08-01</subfield>
    <subfield code="h">Vol. 93, N&#xBA; 7/8 - ago. 2009</subfield>
    <subfield code="l">0</subfield>
    <subfield code="o">H330 PUB v93.n7/8</subfield>
    <subfield code="p">R09756</subfield>
    <subfield code="r">2026-04-10 16:07:14</subfield>
    <subfield code="w">2026-04-10</subfield>
    <subfield code="y">RN</subfield>
  </datafield>
  <datafield tag="952" ind1=" " ind2=" ">
    <subfield code="0">0</subfield>
    <subfield code="1">0</subfield>
    <subfield code="4">0</subfield>
    <subfield code="7">0</subfield>
    <subfield code="a">BCEJYS</subfield>
    <subfield code="b">BCEJYS</subfield>
    <subfield code="c">17</subfield>
    <subfield code="d">2009-06-01</subfield>
    <subfield code="h">Vol. 93, N&#xBA; 5/6 - jun. 2009</subfield>
    <subfield code="l">0</subfield>
    <subfield code="o">H330 PUB v93.n5/6</subfield>
    <subfield code="p">R09757</subfield>
    <subfield code="r">2026-04-10 16:07:14</subfield>
    <subfield code="w">2026-04-10</subfield>
    <subfield code="y">RN</subfield>
  </datafield>
  <datafield tag="952" ind1=" " ind2=" ">
    <subfield code="0">0</subfield>
    <subfield code="1">0</subfield>
    <subfield code="4">0</subfield>
    <subfield code="7">0</subfield>
    <subfield code="a">BCEJYS</subfield>
    <subfield code="b">BCEJYS</subfield>
    <subfield code="c">17</subfield>
    <subfield code="d">2008-10-01</subfield>
    <subfield code="h">Vol. 92, N&#xBA; 10/11 - oct. 2008</subfield>
    <subfield code="l">0</subfield>
    <subfield code="o">H330 PUB v92.n10/11</subfield>
    <subfield code="p">R09840</subfield>
    <subfield code="r">2026-04-10 16:07:14</subfield>
    <subfield code="w">2026-04-10</subfield>
    <subfield code="y">RN</subfield>
  </datafield>
  <datafield tag="952" ind1=" " ind2=" ">
    <subfield code="0">0</subfield>
    <subfield code="1">0</subfield>
    <subfield code="4">0</subfield>
    <subfield code="7">0</subfield>
    <subfield code="a">BCEJYS</subfield>
    <subfield code="b">BCEJYS</subfield>
    <subfield code="c">17</subfield>
    <subfield code="d">2008-08-01</subfield>
    <subfield code="h">Vol. 92, N&#xBA; 8/9 - ago. 2008</subfield>
    <subfield code="l">0</subfield>
    <subfield code="o">H330 PUB v92.n8/9</subfield>
    <subfield code="p">R09839</subfield>
    <subfield code="r">2026-04-10 16:07:14</subfield>
    <subfield code="w">2026-04-10</subfield>
    <subfield code="y">RN</subfield>
  </datafield>
  <datafield tag="952" ind1=" " ind2=" ">
    <subfield code="0">0</subfield>
    <subfield code="1">0</subfield>
    <subfield code="4">0</subfield>
    <subfield code="7">0</subfield>
    <subfield code="a">BCEJYS</subfield>
    <subfield code="b">BCEJYS</subfield>
    <subfield code="c">17</subfield>
    <subfield code="d">2008-06-01</subfield>
    <subfield code="h">Vol. 92, N&#xBA; 5/6 - jun. 2008</subfield>
    <subfield code="l">0</subfield>
    <subfield code="o">H330 PUB v92.n5/6</subfield>
    <subfield code="p">R09794</subfield>
    <subfield code="r">2026-04-10 16:07:14</subfield>
    <subfield code="w">2026-04-10</subfield>
    <subfield code="y">RN</subfield>
  </datafield>
  <datafield tag="952" ind1=" " ind2=" ">
    <subfield code="0">0</subfield>
    <subfield code="1">0</subfield>
    <subfield code="4">0</subfield>
    <subfield code="7">0</subfield>
    <subfield code="a">BCEJYS</subfield>
    <subfield code="b">BCEJYS</subfield>
    <subfield code="c">17</subfield>
    <subfield code="d">2008-04-01</subfield>
    <subfield code="h">Vol. 92, N&#xBA; 3/4 - abr. 2008</subfield>
    <subfield code="l">0</subfield>
    <subfield code="o">H330 PUB v92.n3/4</subfield>
    <subfield code="p">R09793</subfield>
    <subfield code="r">2026-04-10 16:07:14</subfield>
    <subfield code="w">2026-04-10</subfield>
    <subfield code="y">RN</subfield>
  </datafield>
  <datafield tag="952" ind1=" " ind2=" ">
    <subfield code="0">0</subfield>
    <subfield code="1">0</subfield>
    <subfield code="4">0</subfield>
    <subfield code="7">0</subfield>
    <subfield code="a">BCEJYS</subfield>
    <subfield code="b">BCEJYS</subfield>
    <subfield code="c">17</subfield>
    <subfield code="d">2007-12-01</subfield>
    <subfield code="h">Vol. 91, N&#xBA; 11 - dic. 2007</subfield>
    <subfield code="l">0</subfield>
    <subfield code="o">H330 PUB v91.n12</subfield>
    <subfield code="p">R09856</subfield>
    <subfield code="r">2026-04-10 16:07:14</subfield>
    <subfield code="w">2026-04-10</subfield>
    <subfield code="y">RN</subfield>
  </datafield>
  <datafield tag="952" ind1=" " ind2=" ">
    <subfield code="0">0</subfield>
    <subfield code="1">0</subfield>
    <subfield code="4">0</subfield>
    <subfield code="7">0</subfield>
    <subfield code="a">BCEJYS</subfield>
    <subfield code="b">BCEJYS</subfield>
    <subfield code="c">17</subfield>
    <subfield code="d">2007-11-01</subfield>
    <subfield code="h">Vol. 91, N&#xBA; 10 - nov. 2007</subfield>
    <subfield code="l">0</subfield>
    <subfield code="o">H330 PUB v91.n10</subfield>
    <subfield code="p">R09855</subfield>
    <subfield code="r">2026-04-10 16:07:14</subfield>
    <subfield code="w">2026-04-10</subfield>
    <subfield code="y">RN</subfield>
  </datafield>
  <datafield tag="952" ind1=" " ind2=" ">
    <subfield code="0">0</subfield>
    <subfield code="1">0</subfield>
    <subfield code="4">0</subfield>
    <subfield code="7">0</subfield>
    <subfield code="a">BCEJYS</subfield>
    <subfield code="b">BCEJYS</subfield>
    <subfield code="c">17</subfield>
    <subfield code="d">2007-09-01</subfield>
    <subfield code="h">Vol. 91, N&#xBA; 9 - sep. 2007</subfield>
    <subfield code="l">0</subfield>
    <subfield code="o">H330 PUB v91.n9</subfield>
    <subfield code="p">R09854</subfield>
    <subfield code="r">2026-04-10 16:07:14</subfield>
    <subfield code="w">2026-04-10</subfield>
    <subfield code="y">RN</subfield>
  </datafield>
  <datafield tag="952" ind1=" " ind2=" ">
    <subfield code="0">0</subfield>
    <subfield code="1">0</subfield>
    <subfield code="4">0</subfield>
    <subfield code="7">0</subfield>
    <subfield code="a">BCEJYS</subfield>
    <subfield code="b">BCEJYS</subfield>
    <subfield code="c">17</subfield>
    <subfield code="d">2007-08-01</subfield>
    <subfield code="h">Vol. 91, N&#xBA; 7/8 - agu. 2007</subfield>
    <subfield code="l">0</subfield>
    <subfield code="o">H330 PUB v91.n7/8</subfield>
    <subfield code="p">R09812</subfield>
    <subfield code="r">2026-04-10 16:07:14</subfield>
    <subfield code="w">2026-04-10</subfield>
    <subfield code="y">RN</subfield>
  </datafield>
  <datafield tag="952" ind1=" " ind2=" ">
    <subfield code="0">0</subfield>
    <subfield code="1">0</subfield>
    <subfield code="4">0</subfield>
    <subfield code="7">0</subfield>
    <subfield code="a">BCEJYS</subfield>
    <subfield code="b">BCEJYS</subfield>
    <subfield code="c">17</subfield>
    <subfield code="d">2007-06-01</subfield>
    <subfield code="h">Vol. 91, N&#xBA; 5/6 - jun. 2007</subfield>
    <subfield code="l">0</subfield>
    <subfield code="o">H330 PUB v91.n5/6</subfield>
    <subfield code="p">R09800</subfield>
    <subfield code="r">2026-04-10 16:07:14</subfield>
    <subfield code="w">2026-04-10</subfield>
    <subfield code="y">RN</subfield>
  </datafield>
  <datafield tag="952" ind1=" " ind2=" ">
    <subfield code="0">0</subfield>
    <subfield code="1">0</subfield>
    <subfield code="4">0</subfield>
    <subfield code="7">0</subfield>
    <subfield code="a">BCEJYS</subfield>
    <subfield code="b">BCEJYS</subfield>
    <subfield code="c">17</subfield>
    <subfield code="d">2007-04-01</subfield>
    <subfield code="h">Vol. 91, N&#xBA; 3/4 - abr. 2007</subfield>
    <subfield code="l">0</subfield>
    <subfield code="o">H330 PUB v91.n3/4</subfield>
    <subfield code="p">R09843</subfield>
    <subfield code="r">2026-04-10 16:07:14</subfield>
    <subfield code="w">2026-04-10</subfield>
    <subfield code="y">RN</subfield>
  </datafield>
  <datafield tag="952" ind1=" " ind2=" ">
    <subfield code="0">0</subfield>
    <subfield code="1">0</subfield>
    <subfield code="4">0</subfield>
    <subfield code="7">0</subfield>
    <subfield code="a">BCEJYS</subfield>
    <subfield code="b">BCEJYS</subfield>
    <subfield code="c">17</subfield>
    <subfield code="d">2007-02-01</subfield>
    <subfield code="h">Vol. 91, N&#xBA; 1/2 - feb. 2007</subfield>
    <subfield code="l">0</subfield>
    <subfield code="o">H330 PUB v91.n1/2</subfield>
    <subfield code="p">R09718</subfield>
    <subfield code="r">2026-04-10 16:07:14</subfield>
    <subfield code="w">2026-04-10</subfield>
    <subfield code="y">RN</subfield>
  </datafield>
  <datafield tag="952" ind1=" " ind2=" ">
    <subfield code="0">0</subfield>
    <subfield code="1">0</subfield>
    <subfield code="4">0</subfield>
    <subfield code="7">0</subfield>
    <subfield code="a">BCEJYS</subfield>
    <subfield code="b">BCEJYS</subfield>
    <subfield code="c">17</subfield>
    <subfield code="d">2006-12-01</subfield>
    <subfield code="h">Vol. 90, N&#xBA; 12 - dic. 2006</subfield>
    <subfield code="l">0</subfield>
    <subfield code="o">H330 PUB v90.n12</subfield>
    <subfield code="p">R10177</subfield>
    <subfield code="r">2026-04-10 16:07:14</subfield>
    <subfield code="w">2026-04-10</subfield>
    <subfield code="y">RN</subfield>
  </datafield>
  <datafield tag="952" ind1=" " ind2=" ">
    <subfield code="0">0</subfield>
    <subfield code="1">0</subfield>
    <subfield code="4">0</subfield>
    <subfield code="7">0</subfield>
    <subfield code="a">BCEJYS</subfield>
    <subfield code="b">BCEJYS</subfield>
    <subfield code="c">17</subfield>
    <subfield code="d">2006-11-01</subfield>
    <subfield code="h">Vol. 90, N&#xBA; 10/11 - nov. 2006</subfield>
    <subfield code="l">0</subfield>
    <subfield code="o">H330 PUB v90.n10/11</subfield>
    <subfield code="p">R09853</subfield>
    <subfield code="r">2026-04-10 16:07:14</subfield>
    <subfield code="w">2026-04-10</subfield>
    <subfield code="y">RN</subfield>
  </datafield>
  <datafield tag="952" ind1=" " ind2=" ">
    <subfield code="0">0</subfield>
    <subfield code="1">0</subfield>
    <subfield code="4">0</subfield>
    <subfield code="7">0</subfield>
    <subfield code="a">BCEJYS</subfield>
    <subfield code="b">BCEJYS</subfield>
    <subfield code="c">17</subfield>
    <subfield code="d">2006-09-01</subfield>
    <subfield code="h">Vol. 90, N&#xBA; 8/9 - sep. 2006</subfield>
    <subfield code="l">0</subfield>
    <subfield code="o">H330 PUB v90.n8/9</subfield>
    <subfield code="p">R09814</subfield>
    <subfield code="r">2026-04-10 16:07:14</subfield>
    <subfield code="w">2026-04-10</subfield>
    <subfield code="y">RN</subfield>
  </datafield>
  <datafield tag="952" ind1=" " ind2=" ">
    <subfield code="0">0</subfield>
    <subfield code="1">0</subfield>
    <subfield code="4">0</subfield>
    <subfield code="7">0</subfield>
    <subfield code="a">BCEJYS</subfield>
    <subfield code="b">BCEJYS</subfield>
    <subfield code="c">17</subfield>
    <subfield code="d">2006-08-01</subfield>
    <subfield code="h">Vol. 90, N&#xBA; 6/7 - ago. 2006</subfield>
    <subfield code="l">0</subfield>
    <subfield code="o">H330 PUB v90.n6/7</subfield>
    <subfield code="p">R09813</subfield>
    <subfield code="r">2026-04-10 16:07:14</subfield>
    <subfield code="w">2026-04-10</subfield>
    <subfield code="y">RN</subfield>
  </datafield>
  <datafield tag="952" ind1=" " ind2=" ">
    <subfield code="0">0</subfield>
    <subfield code="1">0</subfield>
    <subfield code="4">0</subfield>
    <subfield code="7">0</subfield>
    <subfield code="a">BCEJYS</subfield>
    <subfield code="b">BCEJYS</subfield>
    <subfield code="c">17</subfield>
    <subfield code="d">2006-05-01</subfield>
    <subfield code="h">Vol. 90, N&#xBA; 4/5 - may. 2006</subfield>
    <subfield code="l">0</subfield>
    <subfield code="o">H330 PUB v90.n4/5</subfield>
    <subfield code="p">R09799</subfield>
    <subfield code="r">2026-04-10 16:07:14</subfield>
    <subfield code="w">2026-04-10</subfield>
    <subfield code="y">RN</subfield>
  </datafield>
  <datafield tag="952" ind1=" " ind2=" ">
    <subfield code="0">0</subfield>
    <subfield code="1">0</subfield>
    <subfield code="4">0</subfield>
    <subfield code="7">0</subfield>
    <subfield code="a">BCEJYS</subfield>
    <subfield code="b">BCEJYS</subfield>
    <subfield code="c">17</subfield>
    <subfield code="d">2006-02-01</subfield>
    <subfield code="h">Vol. 90, N&#xBA; 3 - feb. 2006</subfield>
    <subfield code="l">0</subfield>
    <subfield code="o">H330 PUB v90.n3</subfield>
    <subfield code="p">R09798</subfield>
    <subfield code="r">2026-04-10 16:07:14</subfield>
    <subfield code="w">2026-04-10</subfield>
    <subfield code="y">RN</subfield>
  </datafield>
  <datafield tag="952" ind1=" " ind2=" ">
    <subfield code="0">0</subfield>
    <subfield code="1">0</subfield>
    <subfield code="4">0</subfield>
    <subfield code="7">0</subfield>
    <subfield code="a">BCEJYS</subfield>
    <subfield code="b">BCEJYS</subfield>
    <subfield code="c">17</subfield>
    <subfield code="d">2006-01-01</subfield>
    <subfield code="h">Vol. 90, N&#xBA; 1/2 - ene. 2006</subfield>
    <subfield code="l">0</subfield>
    <subfield code="o">H330 PUB v90.n1/2</subfield>
    <subfield code="p">R09710</subfield>
    <subfield code="r">2026-04-10 16:07:14</subfield>
    <subfield code="w">2026-04-10</subfield>
    <subfield code="y">RN</subfield>
  </datafield>
  <datafield tag="952" ind1=" " ind2=" ">
    <subfield code="0">0</subfield>
    <subfield code="1">0</subfield>
    <subfield code="4">0</subfield>
    <subfield code="7">0</subfield>
    <subfield code="a">BCEJYS</subfield>
    <subfield code="b">BCEJYS</subfield>
    <subfield code="c">17</subfield>
    <subfield code="d">2005-12-01</subfield>
    <subfield code="h">Vol. 89, N&#xBA; 11/12 - dic. 2005</subfield>
    <subfield code="l">0</subfield>
    <subfield code="o">H330 PUB v89.n11/12</subfield>
    <subfield code="p">R09740</subfield>
    <subfield code="r">2026-04-10 16:07:14</subfield>
    <subfield code="w">2026-04-10</subfield>
    <subfield code="y">RN</subfield>
  </datafield>
  <datafield tag="952" ind1=" " ind2=" ">
    <subfield code="0">0</subfield>
    <subfield code="1">0</subfield>
    <subfield code="4">0</subfield>
    <subfield code="7">0</subfield>
    <subfield code="a">BCEJYS</subfield>
    <subfield code="b">BCEJYS</subfield>
    <subfield code="c">17</subfield>
    <subfield code="d">2005-09-01</subfield>
    <subfield code="h">Vol. 89, N&#xBA; 9/10 - sep. 2005</subfield>
    <subfield code="l">0</subfield>
    <subfield code="o">H330 PUB v89.n9/10</subfield>
    <subfield code="p">R09852</subfield>
    <subfield code="r">2026-04-10 16:07:14</subfield>
    <subfield code="w">2026-04-10</subfield>
    <subfield code="y">RN</subfield>
  </datafield>
  <datafield tag="952" ind1=" " ind2=" ">
    <subfield code="0">0</subfield>
    <subfield code="1">0</subfield>
    <subfield code="4">0</subfield>
    <subfield code="7">0</subfield>
    <subfield code="a">BCEJYS</subfield>
    <subfield code="b">BCEJYS</subfield>
    <subfield code="c">17</subfield>
    <subfield code="d">2005-08-01</subfield>
    <subfield code="h">Vol. 89, N&#xBA; 8 - ago.2005</subfield>
    <subfield code="l">0</subfield>
    <subfield code="o">H330 PUB v89.n8</subfield>
    <subfield code="p">R14143</subfield>
    <subfield code="r">2026-04-10 16:07:14</subfield>
    <subfield code="w">2026-04-10</subfield>
    <subfield code="y">RN</subfield>
  </datafield>
  <datafield tag="952" ind1=" " ind2=" ">
    <subfield code="0">0</subfield>
    <subfield code="1">0</subfield>
    <subfield code="4">0</subfield>
    <subfield code="7">0</subfield>
    <subfield code="a">BCEJYS</subfield>
    <subfield code="b">BCEJYS</subfield>
    <subfield code="c">17</subfield>
    <subfield code="d">2005-07-01</subfield>
    <subfield code="h">Vol. 89, N&#xBA; 7 - jul.2005</subfield>
    <subfield code="l">0</subfield>
    <subfield code="o">H330 PUB v89.n7</subfield>
    <subfield code="p">R10179</subfield>
    <subfield code="r">2026-04-10 16:07:14</subfield>
    <subfield code="w">2026-04-10</subfield>
    <subfield code="y">RN</subfield>
  </datafield>
  <datafield tag="952" ind1=" " ind2=" ">
    <subfield code="0">0</subfield>
    <subfield code="1">0</subfield>
    <subfield code="4">0</subfield>
    <subfield code="7">0</subfield>
    <subfield code="a">BCEJYS</subfield>
    <subfield code="b">BCEJYS</subfield>
    <subfield code="c">17</subfield>
    <subfield code="d">2005-06-01</subfield>
    <subfield code="h">Vol. 89, N&#xBA; 5/6 - jun.2005</subfield>
    <subfield code="l">0</subfield>
    <subfield code="o">H330 PUB v89.n5/6</subfield>
    <subfield code="p">R09741</subfield>
    <subfield code="r">2026-04-10 16:07:14</subfield>
    <subfield code="w">2026-04-10</subfield>
    <subfield code="y">RN</subfield>
  </datafield>
  <datafield tag="952" ind1=" " ind2=" ">
    <subfield code="0">0</subfield>
    <subfield code="1">0</subfield>
    <subfield code="4">0</subfield>
    <subfield code="7">0</subfield>
    <subfield code="a">BCEJYS</subfield>
    <subfield code="b">BCEJYS</subfield>
    <subfield code="c">17</subfield>
    <subfield code="d">2005-04-01</subfield>
    <subfield code="h">Vol. 89, N&#xBA; 4 - abr.2005</subfield>
    <subfield code="l">0</subfield>
    <subfield code="o">H330 PUB v89.n4</subfield>
    <subfield code="p">R09742</subfield>
    <subfield code="r">2026-04-10 16:07:14</subfield>
    <subfield code="w">2026-04-10</subfield>
    <subfield code="y">RN</subfield>
  </datafield>
  <datafield tag="952" ind1=" " ind2=" ">
    <subfield code="0">0</subfield>
    <subfield code="1">0</subfield>
    <subfield code="4">0</subfield>
    <subfield code="7">0</subfield>
    <subfield code="a">BCEJYS</subfield>
    <subfield code="b">BCEJYS</subfield>
    <subfield code="c">17</subfield>
    <subfield code="d">2005-02-01</subfield>
    <subfield code="h">Vol. 89, N&#xBA; 2/3 - feb. 2005</subfield>
    <subfield code="l">0</subfield>
    <subfield code="o">H330 PUB v89.n2/3</subfield>
    <subfield code="p">R09743</subfield>
    <subfield code="r">2026-04-10 16:07:14</subfield>
    <subfield code="w">2026-04-10</subfield>
    <subfield code="y">RN</subfield>
  </datafield>
  <datafield tag="952" ind1=" " ind2=" ">
    <subfield code="0">0</subfield>
    <subfield code="1">0</subfield>
    <subfield code="4">0</subfield>
    <subfield code="7">0</subfield>
    <subfield code="a">BCEJYS</subfield>
    <subfield code="b">BCEJYS</subfield>
    <subfield code="c">17</subfield>
    <subfield code="d">2004-12-01</subfield>
    <subfield code="h">Vol. 88, N&#xBA; 12 - dic. 2004</subfield>
    <subfield code="l">0</subfield>
    <subfield code="o">H330 PUB v88.n12</subfield>
    <subfield code="p">R09706</subfield>
    <subfield code="r">2026-04-10 16:07:14</subfield>
    <subfield code="w">2026-04-10</subfield>
    <subfield code="y">RN</subfield>
  </datafield>
  <datafield tag="952" ind1=" " ind2=" ">
    <subfield code="0">0</subfield>
    <subfield code="1">0</subfield>
    <subfield code="4">0</subfield>
    <subfield code="7">0</subfield>
    <subfield code="a">BCEJYS</subfield>
    <subfield code="b">BCEJYS</subfield>
    <subfield code="c">17</subfield>
    <subfield code="d">2004-09-01</subfield>
    <subfield code="h">Vol. 88, N&#xBA; 11 - sep. 2004</subfield>
    <subfield code="l">0</subfield>
    <subfield code="o">H330 PUB v88.n11</subfield>
    <subfield code="p">R09703</subfield>
    <subfield code="r">2026-04-10 16:07:14</subfield>
    <subfield code="w">2026-04-10</subfield>
    <subfield code="y">RN</subfield>
  </datafield>
  <datafield tag="952" ind1=" " ind2=" ">
    <subfield code="0">0</subfield>
    <subfield code="1">0</subfield>
    <subfield code="4">0</subfield>
    <subfield code="7">0</subfield>
    <subfield code="a">BCEJYS</subfield>
    <subfield code="b">BCEJYS</subfield>
    <subfield code="c">17</subfield>
    <subfield code="d">2004-08-01</subfield>
    <subfield code="h">Vol. 88, N&#xBA; 9/10 - ago. 2004</subfield>
    <subfield code="l">0</subfield>
    <subfield code="o">H330 PUB v88.n9/10</subfield>
    <subfield code="p">R09704</subfield>
    <subfield code="r">2026-04-10 16:07:14</subfield>
    <subfield code="w">2026-04-10</subfield>
    <subfield code="y">RN</subfield>
  </datafield>
  <datafield tag="952" ind1=" " ind2=" ">
    <subfield code="0">0</subfield>
    <subfield code="1">0</subfield>
    <subfield code="4">0</subfield>
    <subfield code="7">0</subfield>
    <subfield code="a">BCEJYS</subfield>
    <subfield code="b">BCEJYS</subfield>
    <subfield code="c">17</subfield>
    <subfield code="d">2004-07-01</subfield>
    <subfield code="h">Vol. 88, N&#xBA; 7/8 - jul. 2004</subfield>
    <subfield code="l">0</subfield>
    <subfield code="o">H330 PUB v88.n7/8</subfield>
    <subfield code="p">R09705</subfield>
    <subfield code="r">2026-04-10 16:07:14</subfield>
    <subfield code="w">2026-04-10</subfield>
    <subfield code="y">RN</subfield>
  </datafield>
  <datafield tag="952" ind1=" " ind2=" ">
    <subfield code="0">0</subfield>
    <subfield code="1">0</subfield>
    <subfield code="4">0</subfield>
    <subfield code="7">0</subfield>
    <subfield code="a">BCEJYS</subfield>
    <subfield code="b">BCEJYS</subfield>
    <subfield code="c">17</subfield>
    <subfield code="d">2004-06-01</subfield>
    <subfield code="h">Vol. 88, N&#xBA; 6 - jun. 2004</subfield>
    <subfield code="l">0</subfield>
    <subfield code="o">H330 PUB v88.n6</subfield>
    <subfield code="p">R09796</subfield>
    <subfield code="r">2026-04-10 16:07:14</subfield>
    <subfield code="w">2026-04-10</subfield>
    <subfield code="y">RN</subfield>
  </datafield>
  <datafield tag="952" ind1=" " ind2=" ">
    <subfield code="0">0</subfield>
    <subfield code="1">0</subfield>
    <subfield code="4">0</subfield>
    <subfield code="7">0</subfield>
    <subfield code="a">BCEJYS</subfield>
    <subfield code="b">BCEJYS</subfield>
    <subfield code="c">17</subfield>
    <subfield code="d">2004-04-01</subfield>
    <subfield code="h">Vol. 88, N&#xBA; 5 - abr. 2004</subfield>
    <subfield code="l">0</subfield>
    <subfield code="o">H330 PUB v88.n5</subfield>
    <subfield code="p">R09707</subfield>
    <subfield code="r">2026-04-10 16:07:14</subfield>
    <subfield code="w">2026-04-10</subfield>
    <subfield code="y">RN</subfield>
  </datafield>
  <datafield tag="952" ind1=" " ind2=" ">
    <subfield code="0">0</subfield>
    <subfield code="1">0</subfield>
    <subfield code="4">0</subfield>
    <subfield code="7">0</subfield>
    <subfield code="a">BCEJYS</subfield>
    <subfield code="b">BCEJYS</subfield>
    <subfield code="c">17</subfield>
    <subfield code="d">2004-03-01</subfield>
    <subfield code="h">Vol. 88, N&#xBA; 3/4 - mar. 2004</subfield>
    <subfield code="l">0</subfield>
    <subfield code="o">H330 PUB v88.n3/4</subfield>
    <subfield code="p">R09709</subfield>
    <subfield code="r">2026-04-10 16:07:14</subfield>
    <subfield code="w">2026-04-10</subfield>
    <subfield code="y">RN</subfield>
  </datafield>
  <datafield tag="952" ind1=" " ind2=" ">
    <subfield code="0">0</subfield>
    <subfield code="1">0</subfield>
    <subfield code="4">0</subfield>
    <subfield code="7">0</subfield>
    <subfield code="a">BCEJYS</subfield>
    <subfield code="b">BCEJYS</subfield>
    <subfield code="c">17</subfield>
    <subfield code="d">2004-01-01</subfield>
    <subfield code="h">Vol. 88, N&#xBA; 1/2 - ene. 2004</subfield>
    <subfield code="l">0</subfield>
    <subfield code="o">H330 PUB v88.n1/2</subfield>
    <subfield code="p">R09797</subfield>
    <subfield code="r">2026-04-10 16:07:14</subfield>
    <subfield code="w">2026-04-10</subfield>
    <subfield code="y">RN</subfield>
  </datafield>
  <datafield tag="952" ind1=" " ind2=" ">
    <subfield code="0">0</subfield>
    <subfield code="1">0</subfield>
    <subfield code="4">0</subfield>
    <subfield code="7">0</subfield>
    <subfield code="a">BCEJYS</subfield>
    <subfield code="b">BCEJYS</subfield>
    <subfield code="c">17</subfield>
    <subfield code="d">2003-12-01</subfield>
    <subfield code="h">Vol. 87, N&#xBA; 12 - dic. 2003</subfield>
    <subfield code="l">0</subfield>
    <subfield code="o">H330 PUB v87.n12</subfield>
    <subfield code="p">R09795</subfield>
    <subfield code="r">2026-04-10 16:07:14</subfield>
    <subfield code="w">2026-04-10</subfield>
    <subfield code="y">RN</subfield>
  </datafield>
  <datafield tag="952" ind1=" " ind2=" ">
    <subfield code="0">0</subfield>
    <subfield code="1">0</subfield>
    <subfield code="4">0</subfield>
    <subfield code="7">0</subfield>
    <subfield code="a">BCEJYS</subfield>
    <subfield code="b">BCEJYS</subfield>
    <subfield code="c">17</subfield>
    <subfield code="d">2003-10-01</subfield>
    <subfield code="h">Vol. 87, N&#xBA; 11 - oct. 2003</subfield>
    <subfield code="l">0</subfield>
    <subfield code="o">H330 PUB v87.n11</subfield>
    <subfield code="p">R09860</subfield>
    <subfield code="r">2026-04-10 16:07:14</subfield>
    <subfield code="w">2026-04-10</subfield>
    <subfield code="y">RN</subfield>
  </datafield>
  <datafield tag="952" ind1=" " ind2=" ">
    <subfield code="0">0</subfield>
    <subfield code="1">0</subfield>
    <subfield code="4">0</subfield>
    <subfield code="7">0</subfield>
    <subfield code="a">BCEJYS</subfield>
    <subfield code="b">BCEJYS</subfield>
    <subfield code="c">17</subfield>
    <subfield code="d">2003-09-01</subfield>
    <subfield code="h">Vol. 87, N&#xBA; 9/10 - sep. 2003</subfield>
    <subfield code="l">0</subfield>
    <subfield code="o">H330 PUB v87.n9/10</subfield>
    <subfield code="p">R09861</subfield>
    <subfield code="r">2026-04-10 16:07:14</subfield>
    <subfield code="w">2026-04-10</subfield>
    <subfield code="y">RN</subfield>
  </datafield>
  <datafield tag="952" ind1=" " ind2=" ">
    <subfield code="0">0</subfield>
    <subfield code="1">0</subfield>
    <subfield code="4">0</subfield>
    <subfield code="7">0</subfield>
    <subfield code="a">BCEJYS</subfield>
    <subfield code="b">BCEJYS</subfield>
    <subfield code="c">17</subfield>
    <subfield code="d">2003-08-01</subfield>
    <subfield code="h">Vol. 87, N&#xBA; 7/8 - ago. 2003</subfield>
    <subfield code="l">0</subfield>
    <subfield code="o">H330 PUB v87.n7/8</subfield>
    <subfield code="p">R09744</subfield>
    <subfield code="r">2026-04-10 16:07:14</subfield>
    <subfield code="w">2026-04-10</subfield>
    <subfield code="y">RN</subfield>
  </datafield>
  <datafield tag="952" ind1=" " ind2=" ">
    <subfield code="0">0</subfield>
    <subfield code="1">0</subfield>
    <subfield code="4">0</subfield>
    <subfield code="7">0</subfield>
    <subfield code="a">BCEJYS</subfield>
    <subfield code="b">BCEJYS</subfield>
    <subfield code="c">17</subfield>
    <subfield code="d">2003-05-01</subfield>
    <subfield code="h">Vol. 87, N&#xBA; 5/6 - may. 2003</subfield>
    <subfield code="l">0</subfield>
    <subfield code="o">H330 PUB v87.n5/6</subfield>
    <subfield code="p">R09862</subfield>
    <subfield code="r">2026-04-10 16:07:14</subfield>
    <subfield code="w">2026-04-10</subfield>
    <subfield code="y">RN</subfield>
  </datafield>
  <datafield tag="952" ind1=" " ind2=" ">
    <subfield code="0">0</subfield>
    <subfield code="1">0</subfield>
    <subfield code="4">0</subfield>
    <subfield code="7">0</subfield>
    <subfield code="a">BCEJYS</subfield>
    <subfield code="b">BCEJYS</subfield>
    <subfield code="c">17</subfield>
    <subfield code="d">2003-03-01</subfield>
    <subfield code="h">Vol. 87, N&#xBA; 3/4 - mar. 2003</subfield>
    <subfield code="l">0</subfield>
    <subfield code="o">H330 PUB v87.n3/4</subfield>
    <subfield code="p">R09708</subfield>
    <subfield code="r">2026-04-10 16:07:14</subfield>
    <subfield code="w">2026-04-10</subfield>
    <subfield code="y">RN</subfield>
  </datafield>
  <datafield tag="952" ind1=" " ind2=" ">
    <subfield code="0">0</subfield>
    <subfield code="1">0</subfield>
    <subfield code="4">0</subfield>
    <subfield code="7">0</subfield>
    <subfield code="a">BCEJYS</subfield>
    <subfield code="b">BCEJYS</subfield>
    <subfield code="c">17</subfield>
    <subfield code="d">2003-02-01</subfield>
    <subfield code="h">Vol. 87, N&#xBA; 2 - feb. 2003</subfield>
    <subfield code="l">0</subfield>
    <subfield code="o">H330 PUB v87.n2</subfield>
    <subfield code="p">R09711</subfield>
    <subfield code="r">2026-04-10 16:07:14</subfield>
    <subfield code="w">2026-04-10</subfield>
    <subfield code="y">RN</subfield>
  </datafield>
  <datafield tag="952" ind1=" " ind2=" ">
    <subfield code="0">0</subfield>
    <subfield code="1">0</subfield>
    <subfield code="4">0</subfield>
    <subfield code="7">0</subfield>
    <subfield code="a">BCEJYS</subfield>
    <subfield code="b">BCEJYS</subfield>
    <subfield code="c">17</subfield>
    <subfield code="d">2003-01-01</subfield>
    <subfield code="h">Vol. 87, N&#xBA; 1 - ene. 2003</subfield>
    <subfield code="l">0</subfield>
    <subfield code="o">H330 PUB v87.n1</subfield>
    <subfield code="p">R09712</subfield>
    <subfield code="r">2026-04-10 16:07:15</subfield>
    <subfield code="w">2026-04-10</subfield>
    <subfield code="y">RN</subfield>
  </datafield>
  <datafield tag="952" ind1=" " ind2=" ">
    <subfield code="0">0</subfield>
    <subfield code="1">0</subfield>
    <subfield code="4">0</subfield>
    <subfield code="7">0</subfield>
    <subfield code="a">BCEJYS</subfield>
    <subfield code="b">BCEJYS</subfield>
    <subfield code="c">17</subfield>
    <subfield code="d">2002-12-01</subfield>
    <subfield code="h">Vol. 86, N&#xBA; 3 - dic. 2002</subfield>
    <subfield code="l">0</subfield>
    <subfield code="o">H330 PUB v86.n3</subfield>
    <subfield code="p">R09745</subfield>
    <subfield code="r">2026-04-10 16:07:15</subfield>
    <subfield code="w">2026-04-10</subfield>
    <subfield code="y">RN</subfield>
  </datafield>
  <datafield tag="952" ind1=" " ind2=" ">
    <subfield code="0">0</subfield>
    <subfield code="1">0</subfield>
    <subfield code="4">0</subfield>
    <subfield code="7">0</subfield>
    <subfield code="a">BCEJYS</subfield>
    <subfield code="b">BCEJYS</subfield>
    <subfield code="c">17</subfield>
    <subfield code="d">2002-11-01</subfield>
    <subfield code="h">Vol. 86, N&#xBA; 2 - nov. 2002</subfield>
    <subfield code="l">0</subfield>
    <subfield code="o">H330 PUB v86.n2</subfield>
    <subfield code="p">R09746</subfield>
    <subfield code="r">2026-04-10 16:07:15</subfield>
    <subfield code="w">2026-04-10</subfield>
    <subfield code="y">RN</subfield>
  </datafield>
  <datafield tag="952" ind1=" " ind2=" ">
    <subfield code="0">0</subfield>
    <subfield code="1">0</subfield>
    <subfield code="4">0</subfield>
    <subfield code="7">0</subfield>
    <subfield code="a">BCEJYS</subfield>
    <subfield code="b">BCEJYS</subfield>
    <subfield code="c">17</subfield>
    <subfield code="d">2002-10-01</subfield>
    <subfield code="h">Vol. 86, N&#xBA; 1 - oct. 2002</subfield>
    <subfield code="l">0</subfield>
    <subfield code="o">H330 PUB v86.n1</subfield>
    <subfield code="p">R09811</subfield>
    <subfield code="r">2026-04-10 16:07:15</subfield>
    <subfield code="w">2026-04-10</subfield>
    <subfield code="y">RN</subfield>
  </datafield>
  <datafield tag="952" ind1=" " ind2=" ">
    <subfield code="0">0</subfield>
    <subfield code="1">0</subfield>
    <subfield code="4">0</subfield>
    <subfield code="7">0</subfield>
    <subfield code="a">BCEJYS</subfield>
    <subfield code="b">BCEJYS</subfield>
    <subfield code="c">17</subfield>
    <subfield code="d">2002-09-01</subfield>
    <subfield code="h">Vol. 85, N&#xBA; 3 - sep. 2002</subfield>
    <subfield code="l">0</subfield>
    <subfield code="o">H330 PUB v85.n3</subfield>
    <subfield code="p">R09822</subfield>
    <subfield code="r">2026-04-10 16:07:15</subfield>
    <subfield code="w">2026-04-10</subfield>
    <subfield code="y">RN</subfield>
  </datafield>
  <datafield tag="952" ind1=" " ind2=" ">
    <subfield code="0">0</subfield>
    <subfield code="1">0</subfield>
    <subfield code="4">0</subfield>
    <subfield code="7">0</subfield>
    <subfield code="a">BCEJYS</subfield>
    <subfield code="b">BCEJYS</subfield>
    <subfield code="c">17</subfield>
    <subfield code="d">2002-08-01</subfield>
    <subfield code="h">Vol. 85, N&#xBA; 2 - ago. 2002</subfield>
    <subfield code="l">0</subfield>
    <subfield code="o">H330 PUB v85.n2</subfield>
    <subfield code="p">R09827</subfield>
    <subfield code="r">2026-04-10 16:07:15</subfield>
    <subfield code="w">2026-04-10</subfield>
    <subfield code="y">RN</subfield>
  </datafield>
  <datafield tag="952" ind1=" " ind2=" ">
    <subfield code="0">0</subfield>
    <subfield code="1">0</subfield>
    <subfield code="4">0</subfield>
    <subfield code="7">0</subfield>
    <subfield code="a">BCEJYS</subfield>
    <subfield code="b">BCEJYS</subfield>
    <subfield code="c">17</subfield>
    <subfield code="d">2002-07-01</subfield>
    <subfield code="h">Vol. 85, N&#xBA; 1 - jul. 2002</subfield>
    <subfield code="l">0</subfield>
    <subfield code="o">H330 PUB v85.n1</subfield>
    <subfield code="p">R09826</subfield>
    <subfield code="r">2026-04-10 16:07:15</subfield>
    <subfield code="w">2026-04-10</subfield>
    <subfield code="y">RN</subfield>
  </datafield>
  <datafield tag="952" ind1=" " ind2=" ">
    <subfield code="0">0</subfield>
    <subfield code="1">0</subfield>
    <subfield code="4">0</subfield>
    <subfield code="7">0</subfield>
    <subfield code="a">BCEJYS</subfield>
    <subfield code="b">BCEJYS</subfield>
    <subfield code="c">17</subfield>
    <subfield code="d">2002-06-01</subfield>
    <subfield code="h">Vol. 84, N&#xBA; 3 - jun.2002</subfield>
    <subfield code="l">0</subfield>
    <subfield code="o">H330 PUB v84.n3</subfield>
    <subfield code="p">R14142</subfield>
    <subfield code="r">2026-04-10 16:07:15</subfield>
    <subfield code="w">2026-04-10</subfield>
    <subfield code="y">RN</subfield>
  </datafield>
  <datafield tag="952" ind1=" " ind2=" ">
    <subfield code="0">0</subfield>
    <subfield code="1">0</subfield>
    <subfield code="4">0</subfield>
    <subfield code="7">0</subfield>
    <subfield code="a">BCEJYS</subfield>
    <subfield code="b">BCEJYS</subfield>
    <subfield code="c">17</subfield>
    <subfield code="d">2002-05-01</subfield>
    <subfield code="h">Vol. 84, N&#xBA; 2 - may. 2002</subfield>
    <subfield code="l">0</subfield>
    <subfield code="o">H330 PUB v84.n2</subfield>
    <subfield code="p">R09825</subfield>
    <subfield code="r">2026-04-10 16:07:15</subfield>
    <subfield code="w">2026-04-10</subfield>
    <subfield code="y">RN</subfield>
  </datafield>
  <datafield tag="952" ind1=" " ind2=" ">
    <subfield code="0">0</subfield>
    <subfield code="1">0</subfield>
    <subfield code="4">0</subfield>
    <subfield code="7">0</subfield>
    <subfield code="a">BCEJYS</subfield>
    <subfield code="b">BCEJYS</subfield>
    <subfield code="c">17</subfield>
    <subfield code="d">2002-04-01</subfield>
    <subfield code="h">Vol. 84, N&#xBA; 1 - abr. 2002</subfield>
    <subfield code="l">0</subfield>
    <subfield code="o">H330 PUB v84.n1</subfield>
    <subfield code="p">R09717</subfield>
    <subfield code="r">2026-04-10 16:07:15</subfield>
    <subfield code="w">2026-04-10</subfield>
    <subfield code="y">RN</subfield>
  </datafield>
  <datafield tag="952" ind1=" " ind2=" ">
    <subfield code="0">0</subfield>
    <subfield code="1">0</subfield>
    <subfield code="4">0</subfield>
    <subfield code="7">0</subfield>
    <subfield code="a">BCEJYS</subfield>
    <subfield code="b">BCEJYS</subfield>
    <subfield code="c">17</subfield>
    <subfield code="d">2002-03-01</subfield>
    <subfield code="h">Vol. 83, N&#xBA; 3 - mar. 2002</subfield>
    <subfield code="l">0</subfield>
    <subfield code="o">H330 PUB v83.n3</subfield>
    <subfield code="p">R09722</subfield>
    <subfield code="r">2026-04-10 16:07:15</subfield>
    <subfield code="w">2026-04-10</subfield>
    <subfield code="y">RN</subfield>
  </datafield>
  <datafield tag="952" ind1=" " ind2=" ">
    <subfield code="0">0</subfield>
    <subfield code="1">0</subfield>
    <subfield code="4">0</subfield>
    <subfield code="7">0</subfield>
    <subfield code="a">BCEJYS</subfield>
    <subfield code="b">BCEJYS</subfield>
    <subfield code="c">17</subfield>
    <subfield code="d">2002-02-01</subfield>
    <subfield code="h">Vol. 83, N&#xBA; 2 - feb. 2002</subfield>
    <subfield code="l">0</subfield>
    <subfield code="o">H330 PUB v83.n2</subfield>
    <subfield code="p">R09848</subfield>
    <subfield code="r">2026-04-10 16:07:15</subfield>
    <subfield code="w">2026-04-10</subfield>
    <subfield code="y">RN</subfield>
  </datafield>
  <datafield tag="952" ind1=" " ind2=" ">
    <subfield code="0">0</subfield>
    <subfield code="1">0</subfield>
    <subfield code="4">0</subfield>
    <subfield code="7">0</subfield>
    <subfield code="a">BCEJYS</subfield>
    <subfield code="b">BCEJYS</subfield>
    <subfield code="c">17</subfield>
    <subfield code="d">2002-01-01</subfield>
    <subfield code="h">Vol. 83, N&#xBA; 1 - ene. 2002</subfield>
    <subfield code="l">0</subfield>
    <subfield code="o">H330 PUB v83.n1</subfield>
    <subfield code="p">R09849</subfield>
    <subfield code="r">2026-04-10 16:07:15</subfield>
    <subfield code="w">2026-04-10</subfield>
    <subfield code="y">RN</subfield>
  </datafield>
  <datafield tag="952" ind1=" " ind2=" ">
    <subfield code="0">0</subfield>
    <subfield code="1">0</subfield>
    <subfield code="4">0</subfield>
    <subfield code="7">0</subfield>
    <subfield code="a">BCEJYS</subfield>
    <subfield code="b">BCEJYS</subfield>
    <subfield code="c">17</subfield>
    <subfield code="d">2001-12-01</subfield>
    <subfield code="h">Vol. 82, N&#xBA; 3 - dic. 2001</subfield>
    <subfield code="l">0</subfield>
    <subfield code="o">H330 PUB v82.n3</subfield>
    <subfield code="p">R09810</subfield>
    <subfield code="r">2026-04-10 16:07:15</subfield>
    <subfield code="w">2026-04-10</subfield>
    <subfield code="y">RN</subfield>
  </datafield>
  <datafield tag="952" ind1=" " ind2=" ">
    <subfield code="0">0</subfield>
    <subfield code="1">0</subfield>
    <subfield code="4">0</subfield>
    <subfield code="7">0</subfield>
    <subfield code="a">BCEJYS</subfield>
    <subfield code="b">BCEJYS</subfield>
    <subfield code="c">17</subfield>
    <subfield code="d">2001-11-01</subfield>
    <subfield code="h">Vol. 82, N&#xBA; 2 - nov. 2001</subfield>
    <subfield code="l">0</subfield>
    <subfield code="o">H330 PUB v82.n2</subfield>
    <subfield code="p">R09850</subfield>
    <subfield code="r">2026-04-10 16:07:15</subfield>
    <subfield code="w">2026-04-10</subfield>
    <subfield code="y">RN</subfield>
  </datafield>
  <datafield tag="952" ind1=" " ind2=" ">
    <subfield code="0">0</subfield>
    <subfield code="1">0</subfield>
    <subfield code="4">0</subfield>
    <subfield code="7">0</subfield>
    <subfield code="a">BCEJYS</subfield>
    <subfield code="b">BCEJYS</subfield>
    <subfield code="c">17</subfield>
    <subfield code="d">2001-10-01</subfield>
    <subfield code="h">Vol. 82, N&#xBA; 1 - oct. 2001</subfield>
    <subfield code="l">0</subfield>
    <subfield code="o">H330 PUB v82.n1</subfield>
    <subfield code="p">R09851</subfield>
    <subfield code="r">2026-04-10 16:07:15</subfield>
    <subfield code="w">2026-04-10</subfield>
    <subfield code="y">RN</subfield>
  </datafield>
  <datafield tag="952" ind1=" " ind2=" ">
    <subfield code="0">0</subfield>
    <subfield code="1">0</subfield>
    <subfield code="4">0</subfield>
    <subfield code="7">0</subfield>
    <subfield code="a">BCEJYS</subfield>
    <subfield code="b">BCEJYS</subfield>
    <subfield code="c">17</subfield>
    <subfield code="d">2001-09-01</subfield>
    <subfield code="h">Vol. 81, N&#xBA; 3 - sep. 2001</subfield>
    <subfield code="l">0</subfield>
    <subfield code="o">H330 PUB v81.n3</subfield>
    <subfield code="p">R09847</subfield>
    <subfield code="r">2026-04-10 16:07:15</subfield>
    <subfield code="w">2026-04-10</subfield>
    <subfield code="y">RN</subfield>
  </datafield>
  <datafield tag="952" ind1=" " ind2=" ">
    <subfield code="0">0</subfield>
    <subfield code="1">0</subfield>
    <subfield code="4">0</subfield>
    <subfield code="7">0</subfield>
    <subfield code="a">BCEJYS</subfield>
    <subfield code="b">BCEJYS</subfield>
    <subfield code="c">17</subfield>
    <subfield code="d">2001-08-01</subfield>
    <subfield code="h">Vol. 81, N&#xBA; 2 - ago. 2001</subfield>
    <subfield code="l">0</subfield>
    <subfield code="o">H330 PUB v81.n2</subfield>
    <subfield code="p">R09865</subfield>
    <subfield code="r">2026-04-10 16:07:15</subfield>
    <subfield code="w">2026-04-10</subfield>
    <subfield code="y">RN</subfield>
  </datafield>
  <datafield tag="952" ind1=" " ind2=" ">
    <subfield code="0">0</subfield>
    <subfield code="1">0</subfield>
    <subfield code="4">0</subfield>
    <subfield code="7">0</subfield>
    <subfield code="a">BCEJYS</subfield>
    <subfield code="b">BCEJYS</subfield>
    <subfield code="c">17</subfield>
    <subfield code="d">2001-07-01</subfield>
    <subfield code="h">Vol. 81, N&#xBA; 1 - jul. 2001</subfield>
    <subfield code="l">0</subfield>
    <subfield code="o">H330 PUB v81.n1</subfield>
    <subfield code="p">R09801</subfield>
    <subfield code="r">2026-04-10 16:07:15</subfield>
    <subfield code="w">2026-04-10</subfield>
    <subfield code="y">RN</subfield>
  </datafield>
  <datafield tag="952" ind1=" " ind2=" ">
    <subfield code="0">0</subfield>
    <subfield code="1">0</subfield>
    <subfield code="4">0</subfield>
    <subfield code="7">0</subfield>
    <subfield code="a">BCEJYS</subfield>
    <subfield code="b">BCEJYS</subfield>
    <subfield code="c">17</subfield>
    <subfield code="d">2001-06-01</subfield>
    <subfield code="h">Vol. 80, N&#xBA; 3 - jun. 2001</subfield>
    <subfield code="l">0</subfield>
    <subfield code="o">H330 PUB v80.n3</subfield>
    <subfield code="p">R09838</subfield>
    <subfield code="r">2026-04-10 16:07:15</subfield>
    <subfield code="w">2026-04-10</subfield>
    <subfield code="y">RN</subfield>
  </datafield>
  <datafield tag="952" ind1=" " ind2=" ">
    <subfield code="0">0</subfield>
    <subfield code="1">0</subfield>
    <subfield code="4">0</subfield>
    <subfield code="7">0</subfield>
    <subfield code="a">BCEJYS</subfield>
    <subfield code="b">BCEJYS</subfield>
    <subfield code="c">17</subfield>
    <subfield code="d">2001-05-01</subfield>
    <subfield code="h">Vol. 80, N&#xBA; 2 - may. 2001</subfield>
    <subfield code="l">0</subfield>
    <subfield code="o">H330 PUB v80.n2</subfield>
    <subfield code="p">R09837</subfield>
    <subfield code="r">2026-04-10 16:07:15</subfield>
    <subfield code="w">2026-04-10</subfield>
    <subfield code="y">RN</subfield>
  </datafield>
  <datafield tag="952" ind1=" " ind2=" ">
    <subfield code="0">0</subfield>
    <subfield code="1">0</subfield>
    <subfield code="4">0</subfield>
    <subfield code="7">0</subfield>
    <subfield code="a">BCEJYS</subfield>
    <subfield code="b">BCEJYS</subfield>
    <subfield code="c">17</subfield>
    <subfield code="d">2001-04-01</subfield>
    <subfield code="h">Vol. 80, N&#xBA; 1 - abr. 2001</subfield>
    <subfield code="l">0</subfield>
    <subfield code="o">H330 PUB v80.n1</subfield>
    <subfield code="p">R10154</subfield>
    <subfield code="r">2026-04-10 16:07:15</subfield>
    <subfield code="w">2026-04-10</subfield>
    <subfield code="y">RN</subfield>
  </datafield>
  <datafield tag="952" ind1=" " ind2=" ">
    <subfield code="0">0</subfield>
    <subfield code="1">0</subfield>
    <subfield code="4">0</subfield>
    <subfield code="7">0</subfield>
    <subfield code="a">BCEJYS</subfield>
    <subfield code="b">BCEJYS</subfield>
    <subfield code="c">17</subfield>
    <subfield code="d">2001-03-01</subfield>
    <subfield code="h">Vol. 79, N&#xBA; 3 - mar. 2001</subfield>
    <subfield code="l">0</subfield>
    <subfield code="o">H330 PUB v79.n3</subfield>
    <subfield code="p">R14141</subfield>
    <subfield code="r">2026-04-10 16:07:15</subfield>
    <subfield code="w">2026-04-10</subfield>
    <subfield code="y">RN</subfield>
  </datafield>
  <datafield tag="952" ind1=" " ind2=" ">
    <subfield code="0">0</subfield>
    <subfield code="1">0</subfield>
    <subfield code="4">0</subfield>
    <subfield code="7">0</subfield>
    <subfield code="a">BCEJYS</subfield>
    <subfield code="b">BCEJYS</subfield>
    <subfield code="c">17</subfield>
    <subfield code="d">2001-02-01</subfield>
    <subfield code="h">Vol. 79, N&#xBA; 2 - feb. 2001</subfield>
    <subfield code="l">0</subfield>
    <subfield code="o">H330 PUB v79.n2</subfield>
    <subfield code="p">R10155</subfield>
    <subfield code="r">2026-04-10 16:07:15</subfield>
    <subfield code="w">2026-04-10</subfield>
    <subfield code="y">RN</subfield>
  </datafield>
  <datafield tag="952" ind1=" " ind2=" ">
    <subfield code="0">0</subfield>
    <subfield code="1">0</subfield>
    <subfield code="4">0</subfield>
    <subfield code="7">0</subfield>
    <subfield code="a">BCEJYS</subfield>
    <subfield code="b">BCEJYS</subfield>
    <subfield code="c">17</subfield>
    <subfield code="d">2000-10-01</subfield>
    <subfield code="h">Vol. 78, N&#xBA; 1/2 - oct. 2000</subfield>
    <subfield code="l">0</subfield>
    <subfield code="o">H330 PUB v78.n1/2</subfield>
    <subfield code="p">R10156</subfield>
    <subfield code="r">2026-04-10 16:07:15</subfield>
    <subfield code="w">2026-04-10</subfield>
    <subfield code="y">RN</subfield>
  </datafield>
  <datafield tag="952" ind1=" " ind2=" ">
    <subfield code="0">0</subfield>
    <subfield code="1">0</subfield>
    <subfield code="4">0</subfield>
    <subfield code="7">0</subfield>
    <subfield code="a">BCEJYS</subfield>
    <subfield code="b">BCEJYS</subfield>
    <subfield code="c">17</subfield>
    <subfield code="d">2000-09-01</subfield>
    <subfield code="h">Vol. 77, N&#xBA; 3 - sep. 2000</subfield>
    <subfield code="l">0</subfield>
    <subfield code="o">H330 PUB v77.n3</subfield>
    <subfield code="p">R10157</subfield>
    <subfield code="r">2026-04-10 16:07:15</subfield>
    <subfield code="w">2026-04-10</subfield>
    <subfield code="y">RN</subfield>
  </datafield>
  <datafield tag="952" ind1=" " ind2=" ">
    <subfield code="0">0</subfield>
    <subfield code="1">0</subfield>
    <subfield code="4">0</subfield>
    <subfield code="7">0</subfield>
    <subfield code="a">BCEJYS</subfield>
    <subfield code="b">BCEJYS</subfield>
    <subfield code="c">17</subfield>
    <subfield code="d">2000-07-01</subfield>
    <subfield code="h">Vol. 77, N&#xBA; 1 - jul. 2000</subfield>
    <subfield code="l">0</subfield>
    <subfield code="o">H330 PUB v77.n1</subfield>
    <subfield code="p">R10175</subfield>
    <subfield code="r">2026-04-10 16:07:15</subfield>
    <subfield code="w">2026-04-10</subfield>
    <subfield code="y">RN</subfield>
  </datafield>
  <datafield tag="952" ind1=" " ind2=" ">
    <subfield code="0">0</subfield>
    <subfield code="1">0</subfield>
    <subfield code="4">0</subfield>
    <subfield code="7">0</subfield>
    <subfield code="a">BCEJYS</subfield>
    <subfield code="b">BCEJYS</subfield>
    <subfield code="c">17</subfield>
    <subfield code="d">2000-06-01</subfield>
    <subfield code="h">Vol. 76, N&#xBA; 3 - jun. 2000</subfield>
    <subfield code="l">0</subfield>
    <subfield code="o">H330 PUB v76.n3</subfield>
    <subfield code="p">R09770</subfield>
    <subfield code="r">2026-04-10 16:07:15</subfield>
    <subfield code="w">2026-04-10</subfield>
    <subfield code="y">RN</subfield>
  </datafield>
  <datafield tag="952" ind1=" " ind2=" ">
    <subfield code="0">0</subfield>
    <subfield code="1">0</subfield>
    <subfield code="4">0</subfield>
    <subfield code="7">0</subfield>
    <subfield code="a">BCEJYS</subfield>
    <subfield code="b">BCEJYS</subfield>
    <subfield code="c">17</subfield>
    <subfield code="d">2000-04-01</subfield>
    <subfield code="h">Vol. 76, N&#xBA; 1 - abr. 2000</subfield>
    <subfield code="l">0</subfield>
    <subfield code="o">H330 PUB v76.n1</subfield>
    <subfield code="p">R09772</subfield>
    <subfield code="r">2026-04-10 16:07:15</subfield>
    <subfield code="w">2026-04-10</subfield>
    <subfield code="y">RN</subfield>
  </datafield>
  <datafield tag="952" ind1=" " ind2=" ">
    <subfield code="0">0</subfield>
    <subfield code="1">0</subfield>
    <subfield code="4">0</subfield>
    <subfield code="7">0</subfield>
    <subfield code="a">BCEJYS</subfield>
    <subfield code="b">BCEJYS</subfield>
    <subfield code="c">17</subfield>
    <subfield code="d">2000-03-01</subfield>
    <subfield code="h">Vol. 75, N&#xBA; 3 - mar. 2000</subfield>
    <subfield code="l">0</subfield>
    <subfield code="o">H330 PUB v75.n3</subfield>
    <subfield code="p">R09773</subfield>
    <subfield code="r">2026-04-10 16:07:15</subfield>
    <subfield code="w">2026-04-10</subfield>
    <subfield code="y">RN</subfield>
  </datafield>
  <datafield tag="952" ind1=" " ind2=" ">
    <subfield code="0">0</subfield>
    <subfield code="1">0</subfield>
    <subfield code="4">0</subfield>
    <subfield code="7">0</subfield>
    <subfield code="a">BCEJYS</subfield>
    <subfield code="b">BCEJYS</subfield>
    <subfield code="c">17</subfield>
    <subfield code="d">2000-02-01</subfield>
    <subfield code="h">Vol. 75, N&#xBA; 2 - feb. 2000</subfield>
    <subfield code="l">0</subfield>
    <subfield code="o">H330 PUB v75.n2</subfield>
    <subfield code="p">R09774</subfield>
    <subfield code="r">2026-04-10 16:07:15</subfield>
    <subfield code="w">2026-04-10</subfield>
    <subfield code="y">RN</subfield>
  </datafield>
  <datafield tag="952" ind1=" " ind2=" ">
    <subfield code="0">0</subfield>
    <subfield code="1">0</subfield>
    <subfield code="4">0</subfield>
    <subfield code="7">0</subfield>
    <subfield code="a">BCEJYS</subfield>
    <subfield code="b">BCEJYS</subfield>
    <subfield code="c">17</subfield>
    <subfield code="d">2000-01-01</subfield>
    <subfield code="h">Vol. 75, N&#xBA; 1 - ene. 2000</subfield>
    <subfield code="l">0</subfield>
    <subfield code="o">H330 PUB v75.n1</subfield>
    <subfield code="p">R12336</subfield>
    <subfield code="r">2026-04-10 16:07:15</subfield>
    <subfield code="w">2026-04-10</subfield>
    <subfield code="y">RN</subfield>
  </datafield>
  <datafield tag="952" ind1=" " ind2=" ">
    <subfield code="0">0</subfield>
    <subfield code="1">0</subfield>
    <subfield code="4">0</subfield>
    <subfield code="7">0</subfield>
    <subfield code="a">BCEJYS</subfield>
    <subfield code="b">BCEJYS</subfield>
    <subfield code="c">17</subfield>
    <subfield code="d">1999-12-01</subfield>
    <subfield code="h">Vol. 74, N&#xBA; 3 - dic. 1999</subfield>
    <subfield code="l">0</subfield>
    <subfield code="o">H330 PUB v74.n3</subfield>
    <subfield code="p">R12335</subfield>
    <subfield code="r">2026-04-10 16:07:15</subfield>
    <subfield code="w">2026-04-10</subfield>
    <subfield code="y">RN</subfield>
  </datafield>
  <datafield tag="952" ind1=" " ind2=" ">
    <subfield code="0">0</subfield>
    <subfield code="1">0</subfield>
    <subfield code="4">0</subfield>
    <subfield code="7">0</subfield>
    <subfield code="a">BCEJYS</subfield>
    <subfield code="b">BCEJYS</subfield>
    <subfield code="c">17</subfield>
    <subfield code="d">1999-11-01</subfield>
    <subfield code="h">Vol. 74, N&#xBA; 2 - nov. 1999</subfield>
    <subfield code="l">0</subfield>
    <subfield code="o">H330 PUB v74.n2</subfield>
    <subfield code="p">R12334</subfield>
    <subfield code="r">2026-04-10 16:07:15</subfield>
    <subfield code="w">2026-04-10</subfield>
    <subfield code="y">RN</subfield>
  </datafield>
  <datafield tag="952" ind1=" " ind2=" ">
    <subfield code="0">0</subfield>
    <subfield code="1">0</subfield>
    <subfield code="4">0</subfield>
    <subfield code="7">0</subfield>
    <subfield code="a">BCEJYS</subfield>
    <subfield code="b">BCEJYS</subfield>
    <subfield code="c">17</subfield>
    <subfield code="d">1999-10-01</subfield>
    <subfield code="h">Vol. 74, N&#xBA; 1 - oct. 1999</subfield>
    <subfield code="l">0</subfield>
    <subfield code="o">H330 PUB v74.n1</subfield>
    <subfield code="p">R12333</subfield>
    <subfield code="r">2026-04-10 16:07:15</subfield>
    <subfield code="w">2026-04-10</subfield>
    <subfield code="y">RN</subfield>
  </datafield>
  <datafield tag="952" ind1=" " ind2=" ">
    <subfield code="0">0</subfield>
    <subfield code="1">0</subfield>
    <subfield code="4">0</subfield>
    <subfield code="7">0</subfield>
    <subfield code="a">BCEJYS</subfield>
    <subfield code="b">BCEJYS</subfield>
    <subfield code="c">17</subfield>
    <subfield code="d">1999-09-01</subfield>
    <subfield code="h">Vol. 73, N&#xBA; 3 - sep. 1999</subfield>
    <subfield code="l">0</subfield>
    <subfield code="o">H330 PUB v73.n3</subfield>
    <subfield code="p">R12332</subfield>
    <subfield code="r">2026-04-10 16:07:15</subfield>
    <subfield code="w">2026-04-10</subfield>
    <subfield code="y">RN</subfield>
  </datafield>
  <datafield tag="952" ind1=" " ind2=" ">
    <subfield code="0">0</subfield>
    <subfield code="1">0</subfield>
    <subfield code="4">0</subfield>
    <subfield code="7">0</subfield>
    <subfield code="a">BCEJYS</subfield>
    <subfield code="b">BCEJYS</subfield>
    <subfield code="c">17</subfield>
    <subfield code="d">1999-08-01</subfield>
    <subfield code="h">Vol. 73, N&#xBA; 2 - ago. 1999</subfield>
    <subfield code="l">0</subfield>
    <subfield code="o">H330 PUB v73.n2</subfield>
    <subfield code="p">R10168</subfield>
    <subfield code="r">2026-04-10 16:07:15</subfield>
    <subfield code="w">2026-04-10</subfield>
    <subfield code="y">RN</subfield>
  </datafield>
  <datafield tag="952" ind1=" " ind2=" ">
    <subfield code="0">0</subfield>
    <subfield code="1">0</subfield>
    <subfield code="4">0</subfield>
    <subfield code="7">0</subfield>
    <subfield code="a">BCEJYS</subfield>
    <subfield code="b">BCEJYS</subfield>
    <subfield code="c">17</subfield>
    <subfield code="d">1999-07-01</subfield>
    <subfield code="h">Vol. 73, N&#xBA; 1 - jul. 1999</subfield>
    <subfield code="l">0</subfield>
    <subfield code="o">H330 PUB v73.n1</subfield>
    <subfield code="p">R12331</subfield>
    <subfield code="r">2026-04-10 16:07:15</subfield>
    <subfield code="w">2026-04-10</subfield>
    <subfield code="y">RN</subfield>
  </datafield>
  <datafield tag="952" ind1=" " ind2=" ">
    <subfield code="0">0</subfield>
    <subfield code="1">0</subfield>
    <subfield code="4">0</subfield>
    <subfield code="7">0</subfield>
    <subfield code="a">BCEJYS</subfield>
    <subfield code="b">BCEJYS</subfield>
    <subfield code="c">17</subfield>
    <subfield code="d">1999-06-01</subfield>
    <subfield code="h">Vol. 72, N&#xBA; 3 - jun. 1999</subfield>
    <subfield code="l">0</subfield>
    <subfield code="o">H330 PUB v72.n3</subfield>
    <subfield code="p">R09716</subfield>
    <subfield code="r">2026-04-10 16:07:15</subfield>
    <subfield code="w">2026-04-10</subfield>
    <subfield code="y">RN</subfield>
  </datafield>
  <datafield tag="952" ind1=" " ind2=" ">
    <subfield code="0">0</subfield>
    <subfield code="1">0</subfield>
    <subfield code="4">0</subfield>
    <subfield code="7">0</subfield>
    <subfield code="a">BCEJYS</subfield>
    <subfield code="b">BCEJYS</subfield>
    <subfield code="c">17</subfield>
    <subfield code="d">1999-05-01</subfield>
    <subfield code="h">Vol. 72, N&#xBA; 2 - may. 1999</subfield>
    <subfield code="l">0</subfield>
    <subfield code="o">H330 PUB v72.n2</subfield>
    <subfield code="p">R09715</subfield>
    <subfield code="r">2026-04-10 16:07:15</subfield>
    <subfield code="w">2026-04-10</subfield>
    <subfield code="y">RN</subfield>
  </datafield>
  <datafield tag="952" ind1=" " ind2=" ">
    <subfield code="0">0</subfield>
    <subfield code="1">0</subfield>
    <subfield code="4">0</subfield>
    <subfield code="7">0</subfield>
    <subfield code="a">BCEJYS</subfield>
    <subfield code="b">BCEJYS</subfield>
    <subfield code="c">17</subfield>
    <subfield code="d">1999-04-01</subfield>
    <subfield code="h">Vol. 72, N&#xBA; 1 - abr. 1999</subfield>
    <subfield code="l">0</subfield>
    <subfield code="o">H330 PUB v72.n1</subfield>
    <subfield code="p">R09714</subfield>
    <subfield code="r">2026-04-10 16:07:15</subfield>
    <subfield code="w">2026-04-10</subfield>
    <subfield code="y">RN</subfield>
  </datafield>
  <datafield tag="952" ind1=" " ind2=" ">
    <subfield code="0">0</subfield>
    <subfield code="1">0</subfield>
    <subfield code="4">0</subfield>
    <subfield code="7">0</subfield>
    <subfield code="a">BCEJYS</subfield>
    <subfield code="b">BCEJYS</subfield>
    <subfield code="c">17</subfield>
    <subfield code="d">1999-03-01</subfield>
    <subfield code="h">Vol. 71, N&#xBA; 3 - mar. 1999</subfield>
    <subfield code="l">0</subfield>
    <subfield code="o">H330 PUB v71.n3</subfield>
    <subfield code="p">R09713</subfield>
    <subfield code="r">2026-04-10 16:07:15</subfield>
    <subfield code="w">2026-04-10</subfield>
    <subfield code="y">RN</subfield>
  </datafield>
  <datafield tag="952" ind1=" " ind2=" ">
    <subfield code="0">0</subfield>
    <subfield code="1">0</subfield>
    <subfield code="4">0</subfield>
    <subfield code="7">0</subfield>
    <subfield code="a">BCEJYS</subfield>
    <subfield code="b">BCEJYS</subfield>
    <subfield code="c">17</subfield>
    <subfield code="d">1999-02-01</subfield>
    <subfield code="h">Vol. 71, N&#xBA; 2 - feb. 1999</subfield>
    <subfield code="l">0</subfield>
    <subfield code="o">H330 PUB v71.n2</subfield>
    <subfield code="p">R09789</subfield>
    <subfield code="r">2026-04-10 16:07:15</subfield>
    <subfield code="w">2026-04-10</subfield>
    <subfield code="y">RN</subfield>
  </datafield>
  <datafield tag="952" ind1=" " ind2=" ">
    <subfield code="0">0</subfield>
    <subfield code="1">0</subfield>
    <subfield code="4">0</subfield>
    <subfield code="7">0</subfield>
    <subfield code="a">BCEJYS</subfield>
    <subfield code="b">BCEJYS</subfield>
    <subfield code="c">17</subfield>
    <subfield code="d">1999-01-01</subfield>
    <subfield code="h">Vol. 71, N&#xBA; 1 - ene. 1999</subfield>
    <subfield code="l">0</subfield>
    <subfield code="o">H330 PUB v71.n1</subfield>
    <subfield code="p">R09788</subfield>
    <subfield code="r">2026-04-10 16:07:15</subfield>
    <subfield code="w">2026-04-10</subfield>
    <subfield code="y">RN</subfield>
  </datafield>
  <datafield tag="952" ind1=" " ind2=" ">
    <subfield code="0">0</subfield>
    <subfield code="1">0</subfield>
    <subfield code="4">0</subfield>
    <subfield code="7">0</subfield>
    <subfield code="a">BCEJYS</subfield>
    <subfield code="b">BCEJYS</subfield>
    <subfield code="c">17</subfield>
    <subfield code="d">1998-12-01</subfield>
    <subfield code="h">Vol. 70, N&#xBA; 3 - dic. 1998</subfield>
    <subfield code="l">0</subfield>
    <subfield code="o">H330 PUB v70.n3</subfield>
    <subfield code="p">R09787</subfield>
    <subfield code="r">2026-04-10 16:07:15</subfield>
    <subfield code="w">2026-04-10</subfield>
    <subfield code="y">RN</subfield>
  </datafield>
  <datafield tag="952" ind1=" " ind2=" ">
    <subfield code="0">0</subfield>
    <subfield code="1">0</subfield>
    <subfield code="4">0</subfield>
    <subfield code="7">0</subfield>
    <subfield code="a">BCEJYS</subfield>
    <subfield code="b">BCEJYS</subfield>
    <subfield code="c">17</subfield>
    <subfield code="d">1998-11-01</subfield>
    <subfield code="h">Vol. 70, N&#xBA; 2 - nov. 1998</subfield>
    <subfield code="l">0</subfield>
    <subfield code="o">H330 PUB v70.n2</subfield>
    <subfield code="p">R09776</subfield>
    <subfield code="r">2026-04-10 16:07:15</subfield>
    <subfield code="w">2026-04-10</subfield>
    <subfield code="y">RN</subfield>
  </datafield>
  <datafield tag="952" ind1=" " ind2=" ">
    <subfield code="0">0</subfield>
    <subfield code="1">0</subfield>
    <subfield code="4">0</subfield>
    <subfield code="7">0</subfield>
    <subfield code="a">BCEJYS</subfield>
    <subfield code="b">BCEJYS</subfield>
    <subfield code="c">17</subfield>
    <subfield code="d">1998-10-01</subfield>
    <subfield code="h">Vol. 70, N&#xBA; 1 - oct. 1998</subfield>
    <subfield code="l">0</subfield>
    <subfield code="o">H330 PUB v70.n1</subfield>
    <subfield code="p">R09775</subfield>
    <subfield code="r">2026-04-10 16:07:15</subfield>
    <subfield code="w">2026-04-10</subfield>
    <subfield code="y">RN</subfield>
  </datafield>
  <datafield tag="952" ind1=" " ind2=" ">
    <subfield code="0">0</subfield>
    <subfield code="1">0</subfield>
    <subfield code="4">0</subfield>
    <subfield code="7">0</subfield>
    <subfield code="a">BCEJYS</subfield>
    <subfield code="b">BCEJYS</subfield>
    <subfield code="c">17</subfield>
    <subfield code="d">1998-09-01</subfield>
    <subfield code="h">Vol. 69, N&#xBA; 3 - sep. 1998</subfield>
    <subfield code="l">0</subfield>
    <subfield code="o">H330 PUB v69.n3</subfield>
    <subfield code="p">R10174</subfield>
    <subfield code="r">2026-04-10 16:07:15</subfield>
    <subfield code="w">2026-04-10</subfield>
    <subfield code="y">RN</subfield>
  </datafield>
  <datafield tag="952" ind1=" " ind2=" ">
    <subfield code="0">0</subfield>
    <subfield code="1">0</subfield>
    <subfield code="4">0</subfield>
    <subfield code="7">0</subfield>
    <subfield code="a">BCEJYS</subfield>
    <subfield code="b">BCEJYS</subfield>
    <subfield code="c">17</subfield>
    <subfield code="d">1998-07-01</subfield>
    <subfield code="h">Vol. 69, N&#xBA; 1 - jul. 1998</subfield>
    <subfield code="l">0</subfield>
    <subfield code="o">H330 PUB v69.n1</subfield>
    <subfield code="p">R10173</subfield>
    <subfield code="r">2026-04-10 16:07:15</subfield>
    <subfield code="w">2026-04-10</subfield>
    <subfield code="y">RN</subfield>
  </datafield>
  <datafield tag="952" ind1=" " ind2=" ">
    <subfield code="0">0</subfield>
    <subfield code="1">0</subfield>
    <subfield code="4">0</subfield>
    <subfield code="7">0</subfield>
    <subfield code="a">BCEJYS</subfield>
    <subfield code="b">BCEJYS</subfield>
    <subfield code="c">17</subfield>
    <subfield code="d">1998-06-01</subfield>
    <subfield code="h">Vol. 68, N&#xBA; 3 - jun. 1998</subfield>
    <subfield code="l">0</subfield>
    <subfield code="o">H330 PUB v68.n3</subfield>
    <subfield code="p">R10171</subfield>
    <subfield code="r">2026-04-10 16:07:15</subfield>
    <subfield code="w">2026-04-10</subfield>
    <subfield code="y">RN</subfield>
  </datafield>
  <datafield tag="952" ind1=" " ind2=" ">
    <subfield code="0">0</subfield>
    <subfield code="1">0</subfield>
    <subfield code="4">0</subfield>
    <subfield code="7">0</subfield>
    <subfield code="a">BCEJYS</subfield>
    <subfield code="b">BCEJYS</subfield>
    <subfield code="c">17</subfield>
    <subfield code="d">1998-05-01</subfield>
    <subfield code="h">Vol. 68, N&#xBA; 2 - may. 1998</subfield>
    <subfield code="l">0</subfield>
    <subfield code="o">H330 PUB v68.n2</subfield>
    <subfield code="p">R10170</subfield>
    <subfield code="r">2026-04-10 16:07:15</subfield>
    <subfield code="w">2026-04-10</subfield>
    <subfield code="y">RN</subfield>
  </datafield>
  <datafield tag="952" ind1=" " ind2=" ">
    <subfield code="0">0</subfield>
    <subfield code="1">0</subfield>
    <subfield code="4">0</subfield>
    <subfield code="7">0</subfield>
    <subfield code="a">BCEJYS</subfield>
    <subfield code="b">BCEJYS</subfield>
    <subfield code="c">17</subfield>
    <subfield code="d">1998-04-01</subfield>
    <subfield code="h">Vol. 68, N&#xBA; 1 - abr. 1998</subfield>
    <subfield code="l">0</subfield>
    <subfield code="o">H330 PUB v68.n1</subfield>
    <subfield code="p">R10169</subfield>
    <subfield code="r">2026-04-10 16:07:15</subfield>
    <subfield code="w">2026-04-10</subfield>
    <subfield code="y">RN</subfield>
  </datafield>
  <datafield tag="952" ind1=" " ind2=" ">
    <subfield code="0">0</subfield>
    <subfield code="1">0</subfield>
    <subfield code="4">0</subfield>
    <subfield code="7">0</subfield>
    <subfield code="a">BCEJYS</subfield>
    <subfield code="b">BCEJYS</subfield>
    <subfield code="c">17</subfield>
    <subfield code="d">1998-03-01</subfield>
    <subfield code="h">Vol. 67, N&#xBA; 3 - mar. 1998</subfield>
    <subfield code="l">0</subfield>
    <subfield code="o">H330 PUB v67.n3</subfield>
    <subfield code="p">R10172</subfield>
    <subfield code="r">2026-04-10 16:07:15</subfield>
    <subfield code="w">2026-04-10</subfield>
    <subfield code="y">RN</subfield>
  </datafield>
  <datafield tag="952" ind1=" " ind2=" ">
    <subfield code="0">0</subfield>
    <subfield code="1">0</subfield>
    <subfield code="4">0</subfield>
    <subfield code="7">0</subfield>
    <subfield code="a">BCEJYS</subfield>
    <subfield code="b">BCEJYS</subfield>
    <subfield code="c">17</subfield>
    <subfield code="d">1998-02-01</subfield>
    <subfield code="h">Vol. 67, N&#xBA; 2 - feb. 1998</subfield>
    <subfield code="l">0</subfield>
    <subfield code="o">H330 PUB v67.n2</subfield>
    <subfield code="p">R10167</subfield>
    <subfield code="r">2026-04-10 16:07:15</subfield>
    <subfield code="w">2026-04-10</subfield>
    <subfield code="y">RN</subfield>
  </datafield>
  <datafield tag="952" ind1=" " ind2=" ">
    <subfield code="0">0</subfield>
    <subfield code="1">0</subfield>
    <subfield code="4">0</subfield>
    <subfield code="7">0</subfield>
    <subfield code="a">BCEJYS</subfield>
    <subfield code="b">BCEJYS</subfield>
    <subfield code="c">17</subfield>
    <subfield code="d">1998-01-01</subfield>
    <subfield code="h">Vol. 67, N&#xBA; 1 - ene. 1998</subfield>
    <subfield code="l">0</subfield>
    <subfield code="o">H330 PUB v67.n1</subfield>
    <subfield code="p">R09816</subfield>
    <subfield code="r">2026-04-10 16:07:15</subfield>
    <subfield code="w">2026-04-10</subfield>
    <subfield code="y">RN</subfield>
  </datafield>
  <datafield tag="952" ind1=" " ind2=" ">
    <subfield code="0">0</subfield>
    <subfield code="1">0</subfield>
    <subfield code="4">0</subfield>
    <subfield code="7">0</subfield>
    <subfield code="a">BCEJYS</subfield>
    <subfield code="b">BCEJYS</subfield>
    <subfield code="c">16</subfield>
    <subfield code="d">1997-12-01</subfield>
    <subfield code="h">Vol. 66, N&#xBA; 3 - dic. 1997</subfield>
    <subfield code="l">0</subfield>
    <subfield code="o">H330 PUB v66.n3</subfield>
    <subfield code="p">R09815</subfield>
    <subfield code="r">2026-04-10 16:07:15</subfield>
    <subfield code="w">2026-04-10</subfield>
    <subfield code="y">RN</subfield>
  </datafield>
  <datafield tag="952" ind1=" " ind2=" ">
    <subfield code="0">0</subfield>
    <subfield code="1">0</subfield>
    <subfield code="4">0</subfield>
    <subfield code="7">0</subfield>
    <subfield code="a">BCEJYS</subfield>
    <subfield code="b">BCEJYS</subfield>
    <subfield code="c">17</subfield>
    <subfield code="d">1997-11-01</subfield>
    <subfield code="h">Vol. 66, N&#xBA; 2 - nov. 1997</subfield>
    <subfield code="l">0</subfield>
    <subfield code="o">H330 PUB v66.n2</subfield>
    <subfield code="p">R09725</subfield>
    <subfield code="r">2026-04-10 16:07:15</subfield>
    <subfield code="w">2026-04-10</subfield>
    <subfield code="y">RN</subfield>
  </datafield>
  <datafield tag="952" ind1=" " ind2=" ">
    <subfield code="0">0</subfield>
    <subfield code="1">0</subfield>
    <subfield code="4">0</subfield>
    <subfield code="7">0</subfield>
    <subfield code="a">BCEJYS</subfield>
    <subfield code="b">BCEJYS</subfield>
    <subfield code="c">17</subfield>
    <subfield code="d">1997-10-01</subfield>
    <subfield code="h">Vol. 66, N&#xBA; 1 - oct. 1997</subfield>
    <subfield code="l">0</subfield>
    <subfield code="o">H330 PUB v66.n1</subfield>
    <subfield code="p">R09724</subfield>
    <subfield code="r">2026-04-10 16:07:15</subfield>
    <subfield code="w">2026-04-10</subfield>
    <subfield code="y">RN</subfield>
  </datafield>
  <datafield tag="952" ind1=" " ind2=" ">
    <subfield code="0">0</subfield>
    <subfield code="1">0</subfield>
    <subfield code="4">0</subfield>
    <subfield code="7">0</subfield>
    <subfield code="a">BCEJYS</subfield>
    <subfield code="b">BCEJYS</subfield>
    <subfield code="c">17</subfield>
    <subfield code="d">1997-09-01</subfield>
    <subfield code="h">Vol. 65, N&#xBA; 3 - sep. 1997</subfield>
    <subfield code="l">0</subfield>
    <subfield code="o">H330 PUB v65.n3</subfield>
    <subfield code="p">R09723</subfield>
    <subfield code="r">2026-04-10 16:07:15</subfield>
    <subfield code="w">2026-04-10</subfield>
    <subfield code="y">RN</subfield>
  </datafield>
  <datafield tag="952" ind1=" " ind2=" ">
    <subfield code="0">0</subfield>
    <subfield code="1">0</subfield>
    <subfield code="4">0</subfield>
    <subfield code="7">0</subfield>
    <subfield code="a">BCEJYS</subfield>
    <subfield code="b">BCEJYS</subfield>
    <subfield code="c">17</subfield>
    <subfield code="d">1997-08-01</subfield>
    <subfield code="h">Vol. 65, N&#xBA; 2 - ago. 1997</subfield>
    <subfield code="l">0</subfield>
    <subfield code="o">H330 PUB v65.n2</subfield>
    <subfield code="p">R09821</subfield>
    <subfield code="r">2026-04-10 16:07:15</subfield>
    <subfield code="w">2026-04-10</subfield>
    <subfield code="y">RN</subfield>
  </datafield>
  <datafield tag="952" ind1=" " ind2=" ">
    <subfield code="0">0</subfield>
    <subfield code="1">0</subfield>
    <subfield code="4">0</subfield>
    <subfield code="7">0</subfield>
    <subfield code="a">BCEJYS</subfield>
    <subfield code="b">BCEJYS</subfield>
    <subfield code="c">17</subfield>
    <subfield code="d">1997-07-01</subfield>
    <subfield code="h">Vol. 65, N&#xBA; 1 - jul. 1997</subfield>
    <subfield code="l">0</subfield>
    <subfield code="o">H330 PUB v65.n1</subfield>
    <subfield code="p">R09820</subfield>
    <subfield code="r">2026-04-10 16:07:15</subfield>
    <subfield code="w">2026-04-10</subfield>
    <subfield code="y">RN</subfield>
  </datafield>
  <datafield tag="952" ind1=" " ind2=" ">
    <subfield code="0">0</subfield>
    <subfield code="1">0</subfield>
    <subfield code="4">0</subfield>
    <subfield code="7">0</subfield>
    <subfield code="a">BCEJYS</subfield>
    <subfield code="b">BCEJYS</subfield>
    <subfield code="c">17</subfield>
    <subfield code="d">1997-06-01</subfield>
    <subfield code="h">Vol. 64, N&#xBA; 3 - jun. 1997</subfield>
    <subfield code="l">0</subfield>
    <subfield code="o">H330 PUB v64.n3</subfield>
    <subfield code="p">R09819</subfield>
    <subfield code="r">2026-04-10 16:07:15</subfield>
    <subfield code="w">2026-04-10</subfield>
    <subfield code="y">RN</subfield>
  </datafield>
  <datafield tag="952" ind1=" " ind2=" ">
    <subfield code="0">0</subfield>
    <subfield code="1">0</subfield>
    <subfield code="4">0</subfield>
    <subfield code="7">0</subfield>
    <subfield code="a">BCEJYS</subfield>
    <subfield code="b">BCEJYS</subfield>
    <subfield code="c">17</subfield>
    <subfield code="d">1994-06-01</subfield>
    <subfield code="h">Vol. 54, N&#xBA; 2 - jun. 1994</subfield>
    <subfield code="l">0</subfield>
    <subfield code="o">H330 PUB v54.n2</subfield>
    <subfield code="p">R09818</subfield>
    <subfield code="r">2026-04-10 16:07:15</subfield>
    <subfield code="w">2026-04-10</subfield>
    <subfield code="y">RN</subfield>
  </datafield>
  <datafield tag="952" ind1=" " ind2=" ">
    <subfield code="0">0</subfield>
    <subfield code="1">0</subfield>
    <subfield code="4">0</subfield>
    <subfield code="7">0</subfield>
    <subfield code="a">BCEJYS</subfield>
    <subfield code="b">BCEJYS</subfield>
    <subfield code="c">17</subfield>
    <subfield code="d">1994-05-01</subfield>
    <subfield code="h">Vol. 54, N&#xBA; 1 - may. 1994</subfield>
    <subfield code="l">0</subfield>
    <subfield code="o">H330 PUB v54.n1</subfield>
    <subfield code="p">R09817</subfield>
    <subfield code="r">2026-04-10 16:07:15</subfield>
    <subfield code="w">2026-04-10</subfield>
    <subfield code="y">RN</subfield>
  </datafield>
  <datafield tag="952" ind1=" " ind2=" ">
    <subfield code="0">0</subfield>
    <subfield code="1">0</subfield>
    <subfield code="4">0</subfield>
    <subfield code="7">0</subfield>
    <subfield code="a">BCEJYS</subfield>
    <subfield code="b">BCEJYS</subfield>
    <subfield code="c">17</subfield>
    <subfield code="d">1994-03-01</subfield>
    <subfield code="h">Vol. 53, N&#xBA; 3 - mar. 1994</subfield>
    <subfield code="l">0</subfield>
    <subfield code="o">H330 PUB v53.n3</subfield>
    <subfield code="p">R09809</subfield>
    <subfield code="r">2026-04-10 16:07:15</subfield>
    <subfield code="w">2026-04-10</subfield>
    <subfield code="y">RN</subfield>
  </datafield>
  <datafield tag="952" ind1=" " ind2=" ">
    <subfield code="0">0</subfield>
    <subfield code="1">0</subfield>
    <subfield code="4">0</subfield>
    <subfield code="7">0</subfield>
    <subfield code="a">BCEJYS</subfield>
    <subfield code="b">BCEJYS</subfield>
    <subfield code="c">17</subfield>
    <subfield code="d">1994-02-01</subfield>
    <subfield code="h">Vol. 53, N&#xBA; 2 - feb. 1994</subfield>
    <subfield code="l">0</subfield>
    <subfield code="o">H330 PUB v53.n2</subfield>
    <subfield code="p">R09808</subfield>
    <subfield code="r">2026-04-10 16:07:15</subfield>
    <subfield code="w">2026-04-10</subfield>
    <subfield code="y">RN</subfield>
  </datafield>
  <datafield tag="952" ind1=" " ind2=" ">
    <subfield code="0">0</subfield>
    <subfield code="1">0</subfield>
    <subfield code="4">0</subfield>
    <subfield code="7">0</subfield>
    <subfield code="a">BCEJYS</subfield>
    <subfield code="b">BCEJYS</subfield>
    <subfield code="c">17</subfield>
    <subfield code="d">1994-01-01</subfield>
    <subfield code="h">Vol. 53, N&#xBA; 1 - ene. 1994</subfield>
    <subfield code="l">0</subfield>
    <subfield code="o">H330 PUB v53.n1</subfield>
    <subfield code="p">R09807</subfield>
    <subfield code="r">2026-04-10 16:07:15</subfield>
    <subfield code="w">2026-04-10</subfield>
    <subfield code="y">RN</subfield>
  </datafield>
  <datafield tag="952" ind1=" " ind2=" ">
    <subfield code="0">0</subfield>
    <subfield code="1">0</subfield>
    <subfield code="4">0</subfield>
    <subfield code="7">0</subfield>
    <subfield code="a">BCEJYS</subfield>
    <subfield code="b">BCEJYS</subfield>
    <subfield code="c">17</subfield>
    <subfield code="d">1993-10-01</subfield>
    <subfield code="h">Vol. 52, N&#xBA; 3 - oct. 1993</subfield>
    <subfield code="l">0</subfield>
    <subfield code="o">H330 PUB v52.n3</subfield>
    <subfield code="p">R09806</subfield>
    <subfield code="r">2026-04-10 16:07:15</subfield>
    <subfield code="w">2026-04-10</subfield>
    <subfield code="y">RN</subfield>
  </datafield>
  <datafield tag="952" ind1=" " ind2=" ">
    <subfield code="0">0</subfield>
    <subfield code="1">0</subfield>
    <subfield code="4">0</subfield>
    <subfield code="7">0</subfield>
    <subfield code="a">BCEJYS</subfield>
    <subfield code="b">BCEJYS</subfield>
    <subfield code="c">17</subfield>
    <subfield code="d">1993-09-01</subfield>
    <subfield code="h">Vol. 52, N&#xBA; 2 - sep. 1993</subfield>
    <subfield code="l">0</subfield>
    <subfield code="o">H330 PUB v52.n2</subfield>
    <subfield code="p">R09841</subfield>
    <subfield code="r">2026-04-10 16:07:15</subfield>
    <subfield code="w">2026-04-10</subfield>
    <subfield code="y">RN</subfield>
  </datafield>
  <datafield tag="952" ind1=" " ind2=" ">
    <subfield code="0">0</subfield>
    <subfield code="1">0</subfield>
    <subfield code="4">0</subfield>
    <subfield code="7">0</subfield>
    <subfield code="a">BCEJYS</subfield>
    <subfield code="b">BCEJYS</subfield>
    <subfield code="c">17</subfield>
    <subfield code="d">1993-08-01</subfield>
    <subfield code="h">Vol. 52, N&#xBA; 1 - ago. 1993</subfield>
    <subfield code="l">0</subfield>
    <subfield code="o">H330 PUB v52.n1</subfield>
    <subfield code="p">R09867</subfield>
    <subfield code="r">2026-04-10 16:07:15</subfield>
    <subfield code="w">2026-04-10</subfield>
    <subfield code="y">RN</subfield>
  </datafield>
  <datafield tag="952" ind1=" " ind2=" ">
    <subfield code="0">0</subfield>
    <subfield code="1">0</subfield>
    <subfield code="4">0</subfield>
    <subfield code="7">0</subfield>
    <subfield code="a">BCEJYS</subfield>
    <subfield code="b">BCEJYS</subfield>
    <subfield code="c">17</subfield>
    <subfield code="d">1993-07-01</subfield>
    <subfield code="h">Vol. 51, N&#xBA; 3 - jul. 1993</subfield>
    <subfield code="l">0</subfield>
    <subfield code="o">H330 PUB v51.n3</subfield>
    <subfield code="p">R09866</subfield>
    <subfield code="r">2026-04-10 16:07:15</subfield>
    <subfield code="w">2026-04-10</subfield>
    <subfield code="y">RN</subfield>
  </datafield>
  <datafield tag="952" ind1=" " ind2=" ">
    <subfield code="0">0</subfield>
    <subfield code="1">0</subfield>
    <subfield code="4">0</subfield>
    <subfield code="7">0</subfield>
    <subfield code="a">BCEJYS</subfield>
    <subfield code="b">BCEJYS</subfield>
    <subfield code="c">17</subfield>
    <subfield code="d">1993-06-01</subfield>
    <subfield code="h">Vol. 51, N&#xBA; 2 - jun. 1993</subfield>
    <subfield code="l">0</subfield>
    <subfield code="o">H330 PUB v51.n2</subfield>
    <subfield code="p">R14090</subfield>
    <subfield code="r">2026-04-10 16:07:15</subfield>
    <subfield code="w">2026-04-10</subfield>
    <subfield code="y">RN</subfield>
  </datafield>
  <datafield tag="952" ind1=" " ind2=" ">
    <subfield code="0">0</subfield>
    <subfield code="1">0</subfield>
    <subfield code="4">0</subfield>
    <subfield code="7">0</subfield>
    <subfield code="a">BCEJYS</subfield>
    <subfield code="b">BCEJYS</subfield>
    <subfield code="c">17</subfield>
    <subfield code="d">1993-05-01</subfield>
    <subfield code="h">Vol. 51, N&#xBA; 1 - may. 1993</subfield>
    <subfield code="l">0</subfield>
    <subfield code="o">H330 PUB v51.n1</subfield>
    <subfield code="p">R14089</subfield>
    <subfield code="r">2026-04-10 16:07:15</subfield>
    <subfield code="w">2026-04-10</subfield>
    <subfield code="y">RN</subfield>
  </datafield>
  <datafield tag="952" ind1=" " ind2=" ">
    <subfield code="0">0</subfield>
    <subfield code="1">0</subfield>
    <subfield code="4">0</subfield>
    <subfield code="7">0</subfield>
    <subfield code="a">BCEJYS</subfield>
    <subfield code="b">BCEJYS</subfield>
    <subfield code="c">17</subfield>
    <subfield code="d">1993-03-01</subfield>
    <subfield code="h">Vol. 50, N&#xBA; 3 - mar. 1993</subfield>
    <subfield code="l">0</subfield>
    <subfield code="o">H330 PUB v50.n3</subfield>
    <subfield code="p">R14088</subfield>
    <subfield code="r">2026-04-10 16:07:15</subfield>
    <subfield code="w">2026-04-10</subfield>
    <subfield code="y">RN</subfield>
  </datafield>
  <datafield tag="952" ind1=" " ind2=" ">
    <subfield code="0">0</subfield>
    <subfield code="1">0</subfield>
    <subfield code="4">0</subfield>
    <subfield code="7">0</subfield>
    <subfield code="a">BCEJYS</subfield>
    <subfield code="b">BCEJYS</subfield>
    <subfield code="c">17</subfield>
    <subfield code="d">1993-02-01</subfield>
    <subfield code="h">Vol. 50, N&#xBA; 2 - feb. 1993</subfield>
    <subfield code="l">0</subfield>
    <subfield code="o">H330 PUB v50.n2</subfield>
    <subfield code="p">R14149</subfield>
    <subfield code="r">2026-04-10 16:07:15</subfield>
    <subfield code="w">2026-04-10</subfield>
    <subfield code="y">RN</subfield>
  </datafield>
  <datafield tag="952" ind1=" " ind2=" ">
    <subfield code="0">0</subfield>
    <subfield code="1">0</subfield>
    <subfield code="4">0</subfield>
    <subfield code="7">0</subfield>
    <subfield code="a">BCEJYS</subfield>
    <subfield code="b">BCEJYS</subfield>
    <subfield code="c">17</subfield>
    <subfield code="d">1993-01-01</subfield>
    <subfield code="h">Vol. 50, N&#xBA; 1 - ene. 1993</subfield>
    <subfield code="l">0</subfield>
    <subfield code="o">H330 PUB v50.n1</subfield>
    <subfield code="p">R14156</subfield>
    <subfield code="r">2026-04-10 16:07:15</subfield>
    <subfield code="w">2026-04-10</subfield>
    <subfield code="y">RN</subfield>
  </datafield>
  <datafield tag="952" ind1=" " ind2=" ">
    <subfield code="0">0</subfield>
    <subfield code="1">0</subfield>
    <subfield code="4">0</subfield>
    <subfield code="7">0</subfield>
    <subfield code="a">BCEJYS</subfield>
    <subfield code="b">BCEJYS</subfield>
    <subfield code="c">17</subfield>
    <subfield code="d">1992-12-01</subfield>
    <subfield code="h">Vol. 49, N&#xBA; 3 - dic. 1992</subfield>
    <subfield code="l">0</subfield>
    <subfield code="o">H330 PUB v49.n3</subfield>
    <subfield code="p">R14136</subfield>
    <subfield code="r">2026-04-10 16:07:15</subfield>
    <subfield code="w">2026-04-10</subfield>
    <subfield code="y">RN</subfield>
  </datafield>
  <datafield tag="952" ind1=" " ind2=" ">
    <subfield code="0">0</subfield>
    <subfield code="1">0</subfield>
    <subfield code="4">0</subfield>
    <subfield code="7">0</subfield>
    <subfield code="a">BCEJYS</subfield>
    <subfield code="b">BCEJYS</subfield>
    <subfield code="c">17</subfield>
    <subfield code="d">1992-11-01</subfield>
    <subfield code="h">Vol. 49, N&#xBA; 2 - nov. 1992</subfield>
    <subfield code="l">0</subfield>
    <subfield code="o">H330 PUB v49.n2</subfield>
    <subfield code="p">R14153</subfield>
    <subfield code="r">2026-04-10 16:07:15</subfield>
    <subfield code="w">2026-04-10</subfield>
    <subfield code="y">RN</subfield>
  </datafield>
  <datafield tag="952" ind1=" " ind2=" ">
    <subfield code="0">0</subfield>
    <subfield code="1">0</subfield>
    <subfield code="4">0</subfield>
    <subfield code="7">0</subfield>
    <subfield code="a">BCEJYS</subfield>
    <subfield code="b">BCEJYS</subfield>
    <subfield code="c">17</subfield>
    <subfield code="d">1992-10-01</subfield>
    <subfield code="h">Vol. 49, N&#xBA; 1 - oct. 1992</subfield>
    <subfield code="l">0</subfield>
    <subfield code="o">H330 PUB v49.n1</subfield>
    <subfield code="p">R14051</subfield>
    <subfield code="r">2026-04-10 16:07:15</subfield>
    <subfield code="w">2026-04-10</subfield>
    <subfield code="y">RN</subfield>
  </datafield>
  <datafield tag="952" ind1=" " ind2=" ">
    <subfield code="0">0</subfield>
    <subfield code="1">0</subfield>
    <subfield code="4">0</subfield>
    <subfield code="7">0</subfield>
    <subfield code="a">BCEJYS</subfield>
    <subfield code="b">BCEJYS</subfield>
    <subfield code="c">17</subfield>
    <subfield code="d">1992-08-01</subfield>
    <subfield code="h">Vol. 48, N&#xBA; 3 - ago. 1992</subfield>
    <subfield code="l">0</subfield>
    <subfield code="o">H330 PUB v48.n3</subfield>
    <subfield code="p">R14124</subfield>
    <subfield code="r">2026-04-10 16:07:15</subfield>
    <subfield code="w">2026-04-10</subfield>
    <subfield code="y">RN</subfield>
  </datafield>
  <datafield tag="952" ind1=" " ind2=" ">
    <subfield code="0">0</subfield>
    <subfield code="1">0</subfield>
    <subfield code="4">0</subfield>
    <subfield code="7">0</subfield>
    <subfield code="a">BCEJYS</subfield>
    <subfield code="b">BCEJYS</subfield>
    <subfield code="c">17</subfield>
    <subfield code="d">1992-07-01</subfield>
    <subfield code="h">Vol. 48, N&#xBA; 2 - jul. 1992</subfield>
    <subfield code="l">0</subfield>
    <subfield code="o">H330 PUB v48.n2</subfield>
    <subfield code="p">R14076</subfield>
    <subfield code="r">2026-04-10 16:07:15</subfield>
    <subfield code="w">2026-04-10</subfield>
    <subfield code="y">RN</subfield>
  </datafield>
  <datafield tag="952" ind1=" " ind2=" ">
    <subfield code="0">0</subfield>
    <subfield code="1">0</subfield>
    <subfield code="4">0</subfield>
    <subfield code="7">0</subfield>
    <subfield code="a">BCEJYS</subfield>
    <subfield code="b">BCEJYS</subfield>
    <subfield code="c">17</subfield>
    <subfield code="d">1992-06-01</subfield>
    <subfield code="h">Vol. 48, N&#xBA; 1 - jun. 1992</subfield>
    <subfield code="l">0</subfield>
    <subfield code="o">H330 PUB v48.n1</subfield>
    <subfield code="p">R14074</subfield>
    <subfield code="r">2026-04-10 16:07:15</subfield>
    <subfield code="w">2026-04-10</subfield>
    <subfield code="y">RN</subfield>
  </datafield>
  <datafield tag="952" ind1=" " ind2=" ">
    <subfield code="0">0</subfield>
    <subfield code="1">0</subfield>
    <subfield code="4">0</subfield>
    <subfield code="7">0</subfield>
    <subfield code="a">BCEJYS</subfield>
    <subfield code="b">BCEJYS</subfield>
    <subfield code="c">17</subfield>
    <subfield code="d">1992-04-01</subfield>
    <subfield code="h">Vol. 47, N&#xBA; 3 - abr. 1992</subfield>
    <subfield code="l">0</subfield>
    <subfield code="o">H330 PUB v47.n3</subfield>
    <subfield code="p">R14073</subfield>
    <subfield code="r">2026-04-10 16:07:15</subfield>
    <subfield code="w">2026-04-10</subfield>
    <subfield code="y">RN</subfield>
  </datafield>
  <datafield tag="952" ind1=" " ind2=" ">
    <subfield code="0">0</subfield>
    <subfield code="1">0</subfield>
    <subfield code="4">0</subfield>
    <subfield code="7">0</subfield>
    <subfield code="a">BCEJYS</subfield>
    <subfield code="b">BCEJYS</subfield>
    <subfield code="c">17</subfield>
    <subfield code="d">1992-03-01</subfield>
    <subfield code="h">Vol. 47, N&#xBA; 2 - mar. 1992</subfield>
    <subfield code="l">0</subfield>
    <subfield code="o">H330 PUB v47.n2</subfield>
    <subfield code="p">R14075</subfield>
    <subfield code="r">2026-04-10 16:07:15</subfield>
    <subfield code="w">2026-04-10</subfield>
    <subfield code="y">RN</subfield>
  </datafield>
  <datafield tag="952" ind1=" " ind2=" ">
    <subfield code="0">0</subfield>
    <subfield code="1">0</subfield>
    <subfield code="4">0</subfield>
    <subfield code="7">0</subfield>
    <subfield code="a">BCEJYS</subfield>
    <subfield code="b">BCEJYS</subfield>
    <subfield code="c">17</subfield>
    <subfield code="d">1992-02-01</subfield>
    <subfield code="h">Vol. 47, N&#xBA; 1 - feb. 1992</subfield>
    <subfield code="l">0</subfield>
    <subfield code="o">H330 PUB v47.n1</subfield>
    <subfield code="p">R14132</subfield>
    <subfield code="r">2026-04-10 16:07:15</subfield>
    <subfield code="w">2026-04-10</subfield>
    <subfield code="y">RN</subfield>
  </datafield>
  <datafield tag="952" ind1=" " ind2=" ">
    <subfield code="0">0</subfield>
    <subfield code="1">0</subfield>
    <subfield code="4">0</subfield>
    <subfield code="7">0</subfield>
    <subfield code="a">BCEJYS</subfield>
    <subfield code="b">BCEJYS</subfield>
    <subfield code="c">17</subfield>
    <subfield code="d">1983-12-01</subfield>
    <subfield code="h">Vol. 22, N&#xBA; 3 - dic. 1983</subfield>
    <subfield code="l">0</subfield>
    <subfield code="o">H330 PUB v22.n3</subfield>
    <subfield code="p">R06130</subfield>
    <subfield code="r">2026-04-10 16:07:15</subfield>
    <subfield code="w">2026-04-10</subfield>
    <subfield code="y">RN</subfield>
  </datafield>
  <datafield tag="952" ind1=" " ind2=" ">
    <subfield code="0">0</subfield>
    <subfield code="1">0</subfield>
    <subfield code="4">0</subfield>
    <subfield code="7">0</subfield>
    <subfield code="a">BCEJYS</subfield>
    <subfield code="b">BCEJYS</subfield>
    <subfield code="c">17</subfield>
    <subfield code="d">1983-11-01</subfield>
    <subfield code="h">Vol. 22, N&#xBA; 2 - nov. 1983</subfield>
    <subfield code="l">0</subfield>
    <subfield code="o">H330 PUB v22.n2</subfield>
    <subfield code="p">R06129</subfield>
    <subfield code="r">2026-04-10 16:07:15</subfield>
    <subfield code="w">2026-04-10</subfield>
    <subfield code="y">RN</subfield>
  </datafield>
  <datafield tag="952" ind1=" " ind2=" ">
    <subfield code="0">0</subfield>
    <subfield code="1">0</subfield>
    <subfield code="4">0</subfield>
    <subfield code="7">0</subfield>
    <subfield code="a">BCEJYS</subfield>
    <subfield code="b">BCEJYS</subfield>
    <subfield code="c">17</subfield>
    <subfield code="d">1983-10-01</subfield>
    <subfield code="h">Vol. 22, N&#xBA; 1 - oct. 1983</subfield>
    <subfield code="l">0</subfield>
    <subfield code="o">H330 PUB v22.n1</subfield>
    <subfield code="p">R06128</subfield>
    <subfield code="r">2026-04-10 16:07:15</subfield>
    <subfield code="w">2026-04-10</subfield>
    <subfield code="y">RN</subfield>
  </datafield>
  <datafield tag="952" ind1=" " ind2=" ">
    <subfield code="0">0</subfield>
    <subfield code="1">0</subfield>
    <subfield code="4">0</subfield>
    <subfield code="7">0</subfield>
    <subfield code="a">BCEJYS</subfield>
    <subfield code="b">BCEJYS</subfield>
    <subfield code="c">17</subfield>
    <subfield code="d">1983-08-01</subfield>
    <subfield code="h">Vol. 21, N&#xBA; 3 - ago. 1983</subfield>
    <subfield code="l">0</subfield>
    <subfield code="o">H330 PUB v21.n3</subfield>
    <subfield code="p">R06127</subfield>
    <subfield code="r">2026-04-10 16:07:15</subfield>
    <subfield code="w">2026-04-10</subfield>
    <subfield code="y">RN</subfield>
  </datafield>
  <datafield tag="952" ind1=" " ind2=" ">
    <subfield code="0">0</subfield>
    <subfield code="1">0</subfield>
    <subfield code="4">0</subfield>
    <subfield code="7">0</subfield>
    <subfield code="a">BCEJYS</subfield>
    <subfield code="b">BCEJYS</subfield>
    <subfield code="c">17</subfield>
    <subfield code="d">1983-07-01</subfield>
    <subfield code="h">Vol. 21, N&#xBA; 2 - jul. 1983</subfield>
    <subfield code="l">0</subfield>
    <subfield code="o">H330 PUB v21.n2</subfield>
    <subfield code="p">R06126</subfield>
    <subfield code="r">2026-04-10 16:07:15</subfield>
    <subfield code="w">2026-04-10</subfield>
    <subfield code="y">RN</subfield>
  </datafield>
  <datafield tag="952" ind1=" " ind2=" ">
    <subfield code="0">0</subfield>
    <subfield code="1">0</subfield>
    <subfield code="4">0</subfield>
    <subfield code="7">0</subfield>
    <subfield code="a">BCEJYS</subfield>
    <subfield code="b">BCEJYS</subfield>
    <subfield code="c">17</subfield>
    <subfield code="d">1983-06-01</subfield>
    <subfield code="h">Vol. 21, N&#xBA; 1 - jun. 1983</subfield>
    <subfield code="l">0</subfield>
    <subfield code="o">H330 PUB v21.n1</subfield>
    <subfield code="p">R06125</subfield>
    <subfield code="r">2026-04-10 16:07:16</subfield>
    <subfield code="w">2026-04-10</subfield>
    <subfield code="y">RN</subfield>
  </datafield>
  <datafield tag="952" ind1=" " ind2=" ">
    <subfield code="0">0</subfield>
    <subfield code="1">0</subfield>
    <subfield code="4">0</subfield>
    <subfield code="7">0</subfield>
    <subfield code="a">BCEJYS</subfield>
    <subfield code="b">BCEJYS</subfield>
    <subfield code="c">17</subfield>
    <subfield code="d">1983-04-01</subfield>
    <subfield code="h">Vol. 20, N&#xBA; 3 - abr. 1983</subfield>
    <subfield code="l">0</subfield>
    <subfield code="o">H330 PUB v20.n3</subfield>
    <subfield code="p">R06124</subfield>
    <subfield code="r">2026-04-10 16:07:16</subfield>
    <subfield code="w">2026-04-10</subfield>
    <subfield code="y">RN</subfield>
  </datafield>
  <datafield tag="952" ind1=" " ind2=" ">
    <subfield code="0">0</subfield>
    <subfield code="1">0</subfield>
    <subfield code="4">0</subfield>
    <subfield code="7">0</subfield>
    <subfield code="a">BCEJYS</subfield>
    <subfield code="b">BCEJYS</subfield>
    <subfield code="c">17</subfield>
    <subfield code="d">1983-03-01</subfield>
    <subfield code="h">Vol. 20, N&#xBA; 2 - mar. 1983</subfield>
    <subfield code="l">0</subfield>
    <subfield code="o">H330 PUB v20.n2</subfield>
    <subfield code="p">R06123</subfield>
    <subfield code="r">2026-04-10 16:07:16</subfield>
    <subfield code="w">2026-04-10</subfield>
    <subfield code="y">RN</subfield>
  </datafield>
  <datafield tag="952" ind1=" " ind2=" ">
    <subfield code="0">0</subfield>
    <subfield code="1">0</subfield>
    <subfield code="4">0</subfield>
    <subfield code="7">0</subfield>
    <subfield code="a">BCEJYS</subfield>
    <subfield code="b">BCEJYS</subfield>
    <subfield code="c">17</subfield>
    <subfield code="d">1983-02-01</subfield>
    <subfield code="h">Vol. 20, N&#xBA; 1 - feb. 1983</subfield>
    <subfield code="l">0</subfield>
    <subfield code="o">H330 PUB v20.n1</subfield>
    <subfield code="p">R06122</subfield>
    <subfield code="r">2026-04-10 16:07:16</subfield>
    <subfield code="w">2026-04-10</subfield>
    <subfield code="y">RN</subfield>
  </datafield>
  <datafield tag="952" ind1=" " ind2=" ">
    <subfield code="0">0</subfield>
    <subfield code="1">0</subfield>
    <subfield code="4">0</subfield>
    <subfield code="7">0</subfield>
    <subfield code="a">BCEJYS</subfield>
    <subfield code="b">BCEJYS</subfield>
    <subfield code="c">17</subfield>
    <subfield code="d">1982-12-01</subfield>
    <subfield code="h">Vol. 19, N&#xBA; 3 - dic. 1982</subfield>
    <subfield code="l">0</subfield>
    <subfield code="o">H330 PUB v19.n3</subfield>
    <subfield code="p">R06121</subfield>
    <subfield code="r">2026-04-10 16:07:16</subfield>
    <subfield code="w">2026-04-10</subfield>
    <subfield code="y">RN</subfield>
  </datafield>
  <datafield tag="952" ind1=" " ind2=" ">
    <subfield code="0">0</subfield>
    <subfield code="1">0</subfield>
    <subfield code="4">0</subfield>
    <subfield code="7">0</subfield>
    <subfield code="a">BCEJYS</subfield>
    <subfield code="b">BCEJYS</subfield>
    <subfield code="c">17</subfield>
    <subfield code="d">1982-11-01</subfield>
    <subfield code="h">Vol. 19, N&#xBA; 2 - nov. 1982</subfield>
    <subfield code="l">0</subfield>
    <subfield code="o">H330 PUB v19.n2</subfield>
    <subfield code="p">R06120</subfield>
    <subfield code="r">2026-04-10 16:07:16</subfield>
    <subfield code="w">2026-04-10</subfield>
    <subfield code="y">RN</subfield>
  </datafield>
  <datafield tag="952" ind1=" " ind2=" ">
    <subfield code="0">0</subfield>
    <subfield code="1">0</subfield>
    <subfield code="4">0</subfield>
    <subfield code="7">0</subfield>
    <subfield code="a">BCEJYS</subfield>
    <subfield code="b">BCEJYS</subfield>
    <subfield code="c">17</subfield>
    <subfield code="d">1982-10-01</subfield>
    <subfield code="h">Vol. 19, N&#xBA; 1 - oct. 1982</subfield>
    <subfield code="l">0</subfield>
    <subfield code="o">H330 PUB v19.n1</subfield>
    <subfield code="p">R06119</subfield>
    <subfield code="r">2026-04-10 16:07:16</subfield>
    <subfield code="w">2026-04-10</subfield>
    <subfield code="y">RN</subfield>
  </datafield>
  <datafield tag="952" ind1=" " ind2=" ">
    <subfield code="0">0</subfield>
    <subfield code="1">0</subfield>
    <subfield code="4">0</subfield>
    <subfield code="7">0</subfield>
    <subfield code="a">BCEJYS</subfield>
    <subfield code="b">BCEJYS</subfield>
    <subfield code="c">17</subfield>
    <subfield code="d">1982-08-01</subfield>
    <subfield code="h">Vol. 18, N&#xBA; 3 - ago. 1982</subfield>
    <subfield code="l">0</subfield>
    <subfield code="o">H330 PUB v18.n3</subfield>
    <subfield code="p">R06118</subfield>
    <subfield code="r">2026-04-10 16:07:16</subfield>
    <subfield code="w">2026-04-10</subfield>
    <subfield code="y">RN</subfield>
  </datafield>
  <datafield tag="952" ind1=" " ind2=" ">
    <subfield code="0">0</subfield>
    <subfield code="1">0</subfield>
    <subfield code="4">0</subfield>
    <subfield code="7">0</subfield>
    <subfield code="a">BCEJYS</subfield>
    <subfield code="b">BCEJYS</subfield>
    <subfield code="c">17</subfield>
    <subfield code="d">1982-07-01</subfield>
    <subfield code="h">Vol. 18, N&#xBA; 2 - jul. 1982</subfield>
    <subfield code="l">0</subfield>
    <subfield code="o">H330 PUB v18.n2</subfield>
    <subfield code="p">R06117</subfield>
    <subfield code="r">2026-04-10 16:07:16</subfield>
    <subfield code="w">2026-04-10</subfield>
    <subfield code="y">RN</subfield>
  </datafield>
  <datafield tag="952" ind1=" " ind2=" ">
    <subfield code="0">0</subfield>
    <subfield code="1">0</subfield>
    <subfield code="4">0</subfield>
    <subfield code="7">0</subfield>
    <subfield code="a">BCEJYS</subfield>
    <subfield code="b">BCEJYS</subfield>
    <subfield code="c">17</subfield>
    <subfield code="d">1982-06-01</subfield>
    <subfield code="h">Vol. 18, N&#xBA; 1 - jun. 1982</subfield>
    <subfield code="l">0</subfield>
    <subfield code="o">H330 PUB v18.n1</subfield>
    <subfield code="p">R06116</subfield>
    <subfield code="r">2026-04-10 16:07:16</subfield>
    <subfield code="w">2026-04-10</subfield>
    <subfield code="y">RN</subfield>
  </datafield>
  <datafield tag="952" ind1=" " ind2=" ">
    <subfield code="0">0</subfield>
    <subfield code="1">0</subfield>
    <subfield code="4">0</subfield>
    <subfield code="7">0</subfield>
    <subfield code="a">BCEJYS</subfield>
    <subfield code="b">BCEJYS</subfield>
    <subfield code="c">17</subfield>
    <subfield code="d">1982-04-01</subfield>
    <subfield code="h">Vol. 17, N&#xBA; 3 - abr. 1982</subfield>
    <subfield code="l">0</subfield>
    <subfield code="o">H330 PUB v17.n3</subfield>
    <subfield code="p">R06115</subfield>
    <subfield code="r">2026-04-10 16:07:16</subfield>
    <subfield code="w">2026-04-10</subfield>
    <subfield code="y">RN</subfield>
  </datafield>
  <datafield tag="952" ind1=" " ind2=" ">
    <subfield code="0">0</subfield>
    <subfield code="1">0</subfield>
    <subfield code="4">0</subfield>
    <subfield code="7">0</subfield>
    <subfield code="a">BCEJYS</subfield>
    <subfield code="b">BCEJYS</subfield>
    <subfield code="c">17</subfield>
    <subfield code="d">1982-03-01</subfield>
    <subfield code="h">Vol. 17, N&#xBA; 2 - mar. 1982</subfield>
    <subfield code="l">0</subfield>
    <subfield code="o">H330 PUB v17.n2</subfield>
    <subfield code="p">R06114</subfield>
    <subfield code="r">2026-04-10 16:07:16</subfield>
    <subfield code="w">2026-04-10</subfield>
    <subfield code="y">RN</subfield>
  </datafield>
  <datafield tag="952" ind1=" " ind2=" ">
    <subfield code="0">0</subfield>
    <subfield code="1">0</subfield>
    <subfield code="4">0</subfield>
    <subfield code="7">0</subfield>
    <subfield code="a">BCEJYS</subfield>
    <subfield code="b">BCEJYS</subfield>
    <subfield code="c">17</subfield>
    <subfield code="d">1982-02-01</subfield>
    <subfield code="h">Vol. 17, N&#xBA; 1 - feb. 1982</subfield>
    <subfield code="l">0</subfield>
    <subfield code="o">H330 PUB v17.n1</subfield>
    <subfield code="p">R06113</subfield>
    <subfield code="r">2026-04-10 16:07:16</subfield>
    <subfield code="w">2026-04-10</subfield>
    <subfield code="y">RN</subfield>
  </datafield>
  <datafield tag="952" ind1=" " ind2=" ">
    <subfield code="0">0</subfield>
    <subfield code="1">0</subfield>
    <subfield code="4">0</subfield>
    <subfield code="7">0</subfield>
    <subfield code="a">BCEJYS</subfield>
    <subfield code="b">BCEJYS</subfield>
    <subfield code="c">17</subfield>
    <subfield code="d">1981-12-01</subfield>
    <subfield code="h">Vol. 16, N&#xBA; 3 - dic. 1981</subfield>
    <subfield code="l">0</subfield>
    <subfield code="o">H330 PUB v16.n3</subfield>
    <subfield code="p">R06112</subfield>
    <subfield code="r">2026-04-10 16:07:16</subfield>
    <subfield code="w">2026-04-10</subfield>
    <subfield code="y">RN</subfield>
  </datafield>
  <datafield tag="952" ind1=" " ind2=" ">
    <subfield code="0">0</subfield>
    <subfield code="1">0</subfield>
    <subfield code="4">0</subfield>
    <subfield code="7">0</subfield>
    <subfield code="a">BCEJYS</subfield>
    <subfield code="b">BCEJYS</subfield>
    <subfield code="c">17</subfield>
    <subfield code="d">1981-10-01</subfield>
    <subfield code="h">Vol. 16, N&#xBA; 2 - oct. 1981</subfield>
    <subfield code="l">0</subfield>
    <subfield code="o">H330 PUB v16.n2</subfield>
    <subfield code="p">R06111</subfield>
    <subfield code="r">2026-04-10 16:07:16</subfield>
    <subfield code="w">2026-04-10</subfield>
    <subfield code="y">RN</subfield>
  </datafield>
  <datafield tag="952" ind1=" " ind2=" ">
    <subfield code="0">0</subfield>
    <subfield code="1">0</subfield>
    <subfield code="4">0</subfield>
    <subfield code="7">0</subfield>
    <subfield code="a">BCEJYS</subfield>
    <subfield code="b">BCEJYS</subfield>
    <subfield code="c">17</subfield>
    <subfield code="d">1981-08-01</subfield>
    <subfield code="h">Vol. 16, N&#xBA; 1 - ago. 1981</subfield>
    <subfield code="l">0</subfield>
    <subfield code="o">H330 PUB v16.n1</subfield>
    <subfield code="p">R06110</subfield>
    <subfield code="r">2026-04-10 16:07:16</subfield>
    <subfield code="w">2026-04-10</subfield>
    <subfield code="y">RN</subfield>
  </datafield>
  <datafield tag="952" ind1=" " ind2=" ">
    <subfield code="0">0</subfield>
    <subfield code="1">0</subfield>
    <subfield code="4">0</subfield>
    <subfield code="7">0</subfield>
    <subfield code="a">BCEJYS</subfield>
    <subfield code="b">BCEJYS</subfield>
    <subfield code="c">17</subfield>
    <subfield code="d">1981-06-01</subfield>
    <subfield code="h">Vol. 15, N&#xBA; 3 - jun. 1981</subfield>
    <subfield code="l">0</subfield>
    <subfield code="o">H330 PUB v15.n3</subfield>
    <subfield code="p">R06109</subfield>
    <subfield code="r">2026-04-10 16:07:16</subfield>
    <subfield code="w">2026-04-10</subfield>
    <subfield code="y">RN</subfield>
  </datafield>
  <datafield tag="952" ind1=" " ind2=" ">
    <subfield code="0">0</subfield>
    <subfield code="1">0</subfield>
    <subfield code="4">0</subfield>
    <subfield code="7">0</subfield>
    <subfield code="a">BCEJYS</subfield>
    <subfield code="b">BCEJYS</subfield>
    <subfield code="c">17</subfield>
    <subfield code="d">1981-04-01</subfield>
    <subfield code="h">Vol. 15, N&#xBA; 2 - abr. 1981</subfield>
    <subfield code="l">0</subfield>
    <subfield code="o">H330 PUB v15.n2</subfield>
    <subfield code="p">R06108</subfield>
    <subfield code="r">2026-04-10 16:07:16</subfield>
    <subfield code="w">2026-04-10</subfield>
    <subfield code="y">RN</subfield>
  </datafield>
  <datafield tag="952" ind1=" " ind2=" ">
    <subfield code="0">0</subfield>
    <subfield code="1">0</subfield>
    <subfield code="4">0</subfield>
    <subfield code="7">0</subfield>
    <subfield code="a">BCEJYS</subfield>
    <subfield code="b">BCEJYS</subfield>
    <subfield code="c">17</subfield>
    <subfield code="d">1981-02-01</subfield>
    <subfield code="h">Vol. 15, N&#xBA; 1 - feb. 1981</subfield>
    <subfield code="l">0</subfield>
    <subfield code="o">H330 PUB v15.n1</subfield>
    <subfield code="p">R06107</subfield>
    <subfield code="r">2026-04-10 16:07:16</subfield>
    <subfield code="w">2026-04-10</subfield>
    <subfield code="y">RN</subfield>
  </datafield>
  <datafield tag="952" ind1=" " ind2=" ">
    <subfield code="0">0</subfield>
    <subfield code="1">0</subfield>
    <subfield code="4">0</subfield>
    <subfield code="7">0</subfield>
    <subfield code="a">BCEJYS</subfield>
    <subfield code="b">BCEJYS</subfield>
    <subfield code="c">17</subfield>
    <subfield code="d">1980-12-01</subfield>
    <subfield code="h">Vol. 14, N&#xBA; 3 - dic. 1980</subfield>
    <subfield code="l">0</subfield>
    <subfield code="o">H330 PUB v14.n3</subfield>
    <subfield code="p">R06106</subfield>
    <subfield code="r">2026-04-10 16:07:16</subfield>
    <subfield code="w">2026-04-10</subfield>
    <subfield code="y">RN</subfield>
  </datafield>
  <datafield tag="952" ind1=" " ind2=" ">
    <subfield code="0">0</subfield>
    <subfield code="1">0</subfield>
    <subfield code="4">0</subfield>
    <subfield code="7">0</subfield>
    <subfield code="a">BCEJYS</subfield>
    <subfield code="b">BCEJYS</subfield>
    <subfield code="c">17</subfield>
    <subfield code="d">1980-10-01</subfield>
    <subfield code="h">Vol. 14, N&#xBA; 2 - oct. 1980</subfield>
    <subfield code="l">0</subfield>
    <subfield code="o">H330 PUB v14.n2</subfield>
    <subfield code="p">R06105</subfield>
    <subfield code="r">2026-04-10 16:07:16</subfield>
    <subfield code="w">2026-04-10</subfield>
    <subfield code="y">RN</subfield>
  </datafield>
  <datafield tag="952" ind1=" " ind2=" ">
    <subfield code="0">0</subfield>
    <subfield code="1">0</subfield>
    <subfield code="4">0</subfield>
    <subfield code="7">0</subfield>
    <subfield code="a">BCEJYS</subfield>
    <subfield code="b">BCEJYS</subfield>
    <subfield code="c">17</subfield>
    <subfield code="d">1980-08-01</subfield>
    <subfield code="h">Vol. 14, N&#xBA; 1 - ago. 1980</subfield>
    <subfield code="l">0</subfield>
    <subfield code="o">H330 PUB v14.n1</subfield>
    <subfield code="p">R06104</subfield>
    <subfield code="r">2026-04-10 16:07:16</subfield>
    <subfield code="w">2026-04-10</subfield>
    <subfield code="y">RN</subfield>
  </datafield>
  <datafield tag="952" ind1=" " ind2=" ">
    <subfield code="0">0</subfield>
    <subfield code="1">0</subfield>
    <subfield code="4">0</subfield>
    <subfield code="7">0</subfield>
    <subfield code="a">BCEJYS</subfield>
    <subfield code="b">BCEJYS</subfield>
    <subfield code="c">17</subfield>
    <subfield code="d">1980-06-01</subfield>
    <subfield code="h">Vol. 13, N&#xBA; 3 - jun. 1980</subfield>
    <subfield code="l">0</subfield>
    <subfield code="o">H330 PUB v13.n3</subfield>
    <subfield code="p">R06103</subfield>
    <subfield code="r">2026-04-10 16:07:16</subfield>
    <subfield code="w">2026-04-10</subfield>
    <subfield code="y">RN</subfield>
  </datafield>
  <datafield tag="952" ind1=" " ind2=" ">
    <subfield code="0">0</subfield>
    <subfield code="1">0</subfield>
    <subfield code="4">0</subfield>
    <subfield code="7">0</subfield>
    <subfield code="a">BCEJYS</subfield>
    <subfield code="b">BCEJYS</subfield>
    <subfield code="c">17</subfield>
    <subfield code="d">1980-04-01</subfield>
    <subfield code="h">Vol. 13, N&#xBA; 2 - abr. 1980</subfield>
    <subfield code="l">0</subfield>
    <subfield code="o">H330 PUB v13.n2</subfield>
    <subfield code="p">R06102</subfield>
    <subfield code="r">2026-04-10 16:07:16</subfield>
    <subfield code="w">2026-04-10</subfield>
    <subfield code="y">RN</subfield>
  </datafield>
  <datafield tag="952" ind1=" " ind2=" ">
    <subfield code="0">0</subfield>
    <subfield code="1">0</subfield>
    <subfield code="4">0</subfield>
    <subfield code="7">0</subfield>
    <subfield code="a">BCEJYS</subfield>
    <subfield code="b">BCEJYS</subfield>
    <subfield code="c">17</subfield>
    <subfield code="d">1980-02-01</subfield>
    <subfield code="h">Vol. 13, N&#xBA; 1 - feb. 1980</subfield>
    <subfield code="l">0</subfield>
    <subfield code="o">H330 PUB v13.n1</subfield>
    <subfield code="p">R06101</subfield>
    <subfield code="r">2026-04-10 16:07:16</subfield>
    <subfield code="w">2026-04-10</subfield>
    <subfield code="y">RN</subfield>
  </datafield>
  <datafield tag="952" ind1=" " ind2=" ">
    <subfield code="0">0</subfield>
    <subfield code="1">0</subfield>
    <subfield code="4">0</subfield>
    <subfield code="7">0</subfield>
    <subfield code="a">BCEJYS</subfield>
    <subfield code="b">BCEJYS</subfield>
    <subfield code="c">17</subfield>
    <subfield code="d">1979-12-01</subfield>
    <subfield code="h">Vol. 12, N&#xBA; 3 - dic. 1979</subfield>
    <subfield code="l">0</subfield>
    <subfield code="o">H330 PUB v12.n3</subfield>
    <subfield code="p">R06100</subfield>
    <subfield code="r">2026-04-10 16:07:16</subfield>
    <subfield code="w">2026-04-10</subfield>
    <subfield code="y">RN</subfield>
  </datafield>
  <datafield tag="952" ind1=" " ind2=" ">
    <subfield code="0">0</subfield>
    <subfield code="1">0</subfield>
    <subfield code="4">0</subfield>
    <subfield code="7">0</subfield>
    <subfield code="a">BCEJYS</subfield>
    <subfield code="b">BCEJYS</subfield>
    <subfield code="c">17</subfield>
    <subfield code="d">1979-10-01</subfield>
    <subfield code="h">Vol. 12, N&#xBA; 2 - oct. 1979</subfield>
    <subfield code="l">0</subfield>
    <subfield code="o">H330 PUB v12.n2</subfield>
    <subfield code="p">R06099</subfield>
    <subfield code="r">2026-04-10 16:07:16</subfield>
    <subfield code="w">2026-04-10</subfield>
    <subfield code="y">RN</subfield>
  </datafield>
  <datafield tag="952" ind1=" " ind2=" ">
    <subfield code="0">0</subfield>
    <subfield code="1">0</subfield>
    <subfield code="4">0</subfield>
    <subfield code="7">0</subfield>
    <subfield code="a">BCEJYS</subfield>
    <subfield code="b">BCEJYS</subfield>
    <subfield code="c">17</subfield>
    <subfield code="d">1979-08-01</subfield>
    <subfield code="h">Vol. 12, N&#xBA; 1 - ago. 1979</subfield>
    <subfield code="l">0</subfield>
    <subfield code="o">H330 PUB v12.n1</subfield>
    <subfield code="p">R06098</subfield>
    <subfield code="r">2026-04-10 16:07:16</subfield>
    <subfield code="w">2026-04-10</subfield>
    <subfield code="y">RN</subfield>
  </datafield>
  <datafield tag="952" ind1=" " ind2=" ">
    <subfield code="0">0</subfield>
    <subfield code="1">0</subfield>
    <subfield code="4">0</subfield>
    <subfield code="7">0</subfield>
    <subfield code="a">BCEJYS</subfield>
    <subfield code="b">BCEJYS</subfield>
    <subfield code="c">17</subfield>
    <subfield code="d">1979-06-01</subfield>
    <subfield code="h">Vol. 11, N&#xBA; 3 - jun. 1979</subfield>
    <subfield code="l">0</subfield>
    <subfield code="o">H330 PUB v11.n3</subfield>
    <subfield code="p">R06097</subfield>
    <subfield code="r">2026-04-10 16:07:16</subfield>
    <subfield code="w">2026-04-10</subfield>
    <subfield code="y">RN</subfield>
  </datafield>
  <datafield tag="952" ind1=" " ind2=" ">
    <subfield code="0">0</subfield>
    <subfield code="1">0</subfield>
    <subfield code="4">0</subfield>
    <subfield code="7">0</subfield>
    <subfield code="a">BCEJYS</subfield>
    <subfield code="b">BCEJYS</subfield>
    <subfield code="c">17</subfield>
    <subfield code="d">1979-04-01</subfield>
    <subfield code="h">Vol. 11, N&#xBA; 2 - abr. 1979</subfield>
    <subfield code="l">0</subfield>
    <subfield code="o">H330 PUB v11.n2</subfield>
    <subfield code="p">R06096</subfield>
    <subfield code="r">2026-04-10 16:07:16</subfield>
    <subfield code="w">2026-04-10</subfield>
    <subfield code="y">RN</subfield>
  </datafield>
  <datafield tag="952" ind1=" " ind2=" ">
    <subfield code="0">0</subfield>
    <subfield code="1">0</subfield>
    <subfield code="4">0</subfield>
    <subfield code="7">0</subfield>
    <subfield code="a">BCEJYS</subfield>
    <subfield code="b">BCEJYS</subfield>
    <subfield code="c">17</subfield>
    <subfield code="d">1979-02-01</subfield>
    <subfield code="h">Vol. 11, N&#xBA; 1 - feb. 1979</subfield>
    <subfield code="l">0</subfield>
    <subfield code="o">H330 PUB v11.n1</subfield>
    <subfield code="p">R06095</subfield>
    <subfield code="r">2026-04-10 16:07:16</subfield>
    <subfield code="w">2026-04-10</subfield>
    <subfield code="y">RN</subfield>
  </datafield>
  <datafield tag="952" ind1=" " ind2=" ">
    <subfield code="0">0</subfield>
    <subfield code="1">0</subfield>
    <subfield code="4">0</subfield>
    <subfield code="7">0</subfield>
    <subfield code="a">BCEJYS</subfield>
    <subfield code="b">BCEJYS</subfield>
    <subfield code="c">17</subfield>
    <subfield code="d">1978-12-01</subfield>
    <subfield code="h">Vol. 10, N&#xBA; 3 - dic. 1978</subfield>
    <subfield code="l">0</subfield>
    <subfield code="o">H330 PUB v10.n3</subfield>
    <subfield code="p">R06094</subfield>
    <subfield code="r">2026-04-10 16:07:16</subfield>
    <subfield code="w">2026-04-10</subfield>
    <subfield code="y">RN</subfield>
  </datafield>
  <datafield tag="952" ind1=" " ind2=" ">
    <subfield code="0">0</subfield>
    <subfield code="1">0</subfield>
    <subfield code="4">0</subfield>
    <subfield code="7">0</subfield>
    <subfield code="a">BCEJYS</subfield>
    <subfield code="b">BCEJYS</subfield>
    <subfield code="c">17</subfield>
    <subfield code="d">1978-10-01</subfield>
    <subfield code="h">Vol. 10, N&#xBA; 2 - oct. 1978</subfield>
    <subfield code="l">0</subfield>
    <subfield code="o">H330 PUB v10.n2</subfield>
    <subfield code="p">R06093</subfield>
    <subfield code="r">2026-04-10 16:07:16</subfield>
    <subfield code="w">2026-04-10</subfield>
    <subfield code="y">RN</subfield>
  </datafield>
  <datafield tag="952" ind1=" " ind2=" ">
    <subfield code="0">0</subfield>
    <subfield code="1">0</subfield>
    <subfield code="4">0</subfield>
    <subfield code="7">0</subfield>
    <subfield code="a">BCEJYS</subfield>
    <subfield code="b">BCEJYS</subfield>
    <subfield code="c">17</subfield>
    <subfield code="d">1978-08-01</subfield>
    <subfield code="h">Vol. 10, N&#xBA; 1 - ago. 1978</subfield>
    <subfield code="l">0</subfield>
    <subfield code="o">H330 PUB v10.n1</subfield>
    <subfield code="p">R06092</subfield>
    <subfield code="r">2026-04-10 16:07:16</subfield>
    <subfield code="w">2026-04-10</subfield>
    <subfield code="y">RN</subfield>
  </datafield>
  <datafield tag="952" ind1=" " ind2=" ">
    <subfield code="0">0</subfield>
    <subfield code="1">0</subfield>
    <subfield code="4">0</subfield>
    <subfield code="7">0</subfield>
    <subfield code="a">BCEJYS</subfield>
    <subfield code="b">BCEJYS</subfield>
    <subfield code="c">17</subfield>
    <subfield code="d">1978-06-01</subfield>
    <subfield code="h">Vol. 9, N&#xBA; 3 - jun. 1978</subfield>
    <subfield code="l">0</subfield>
    <subfield code="o">H330 PUB v9.n3</subfield>
    <subfield code="p">R06091</subfield>
    <subfield code="r">2026-04-10 16:07:16</subfield>
    <subfield code="w">2026-04-10</subfield>
    <subfield code="y">RN</subfield>
  </datafield>
  <datafield tag="952" ind1=" " ind2=" ">
    <subfield code="0">0</subfield>
    <subfield code="1">0</subfield>
    <subfield code="4">0</subfield>
    <subfield code="7">0</subfield>
    <subfield code="a">BCEJYS</subfield>
    <subfield code="b">BCEJYS</subfield>
    <subfield code="c">17</subfield>
    <subfield code="d">1978-04-01</subfield>
    <subfield code="h">Vol. 9, N&#xBA; 2 - abr. 1978</subfield>
    <subfield code="l">0</subfield>
    <subfield code="o">H330 PUB v9.n2</subfield>
    <subfield code="p">R06090</subfield>
    <subfield code="r">2026-04-10 16:07:16</subfield>
    <subfield code="w">2026-04-10</subfield>
    <subfield code="y">RN</subfield>
  </datafield>
  <datafield tag="952" ind1=" " ind2=" ">
    <subfield code="0">0</subfield>
    <subfield code="1">0</subfield>
    <subfield code="4">0</subfield>
    <subfield code="7">0</subfield>
    <subfield code="a">BCEJYS</subfield>
    <subfield code="b">BCEJYS</subfield>
    <subfield code="c">17</subfield>
    <subfield code="d">1978-02-01</subfield>
    <subfield code="h">Vol. 9, N&#xBA; 1 - feb. 1978</subfield>
    <subfield code="l">0</subfield>
    <subfield code="o">H330 PUB v9.n1</subfield>
    <subfield code="p">R06089</subfield>
    <subfield code="r">2026-04-10 16:07:16</subfield>
    <subfield code="w">2026-04-10</subfield>
    <subfield code="y">RN</subfield>
  </datafield>
  <datafield tag="952" ind1=" " ind2=" ">
    <subfield code="0">0</subfield>
    <subfield code="1">0</subfield>
    <subfield code="4">0</subfield>
    <subfield code="7">0</subfield>
    <subfield code="a">BCEJYS</subfield>
    <subfield code="b">BCEJYS</subfield>
    <subfield code="c">17</subfield>
    <subfield code="d">1977-12-01</subfield>
    <subfield code="h">Vol. 8, N&#xBA; 3 - dic. 1977</subfield>
    <subfield code="l">0</subfield>
    <subfield code="o">H330 PUB v8.n3</subfield>
    <subfield code="p">R06088</subfield>
    <subfield code="r">2026-04-10 16:07:16</subfield>
    <subfield code="w">2026-04-10</subfield>
    <subfield code="y">RN</subfield>
  </datafield>
  <datafield tag="952" ind1=" " ind2=" ">
    <subfield code="0">0</subfield>
    <subfield code="1">0</subfield>
    <subfield code="4">0</subfield>
    <subfield code="7">0</subfield>
    <subfield code="a">BCEJYS</subfield>
    <subfield code="b">BCEJYS</subfield>
    <subfield code="c">17</subfield>
    <subfield code="d">1977-10-01</subfield>
    <subfield code="h">Vol. 8, N&#xBA; 2 - oct. 1977</subfield>
    <subfield code="l">0</subfield>
    <subfield code="o">H330 PUB v8.n2</subfield>
    <subfield code="p">R06087</subfield>
    <subfield code="r">2026-04-10 16:07:16</subfield>
    <subfield code="w">2026-04-10</subfield>
    <subfield code="y">RN</subfield>
  </datafield>
  <datafield tag="952" ind1=" " ind2=" ">
    <subfield code="0">0</subfield>
    <subfield code="1">0</subfield>
    <subfield code="4">0</subfield>
    <subfield code="7">0</subfield>
    <subfield code="a">BCEJYS</subfield>
    <subfield code="b">BCEJYS</subfield>
    <subfield code="c">17</subfield>
    <subfield code="d">1977-08-01</subfield>
    <subfield code="h">Vol. 8, N&#xBA; 1 - ago. 1977</subfield>
    <subfield code="l">0</subfield>
    <subfield code="o">H330 PUB v8.n1</subfield>
    <subfield code="p">R06086</subfield>
    <subfield code="r">2026-04-10 16:07:16</subfield>
    <subfield code="w">2026-04-10</subfield>
    <subfield code="y">RN</subfield>
  </datafield>
  <datafield tag="952" ind1=" " ind2=" ">
    <subfield code="0">0</subfield>
    <subfield code="1">0</subfield>
    <subfield code="4">0</subfield>
    <subfield code="7">0</subfield>
    <subfield code="a">BCEJYS</subfield>
    <subfield code="b">BCEJYS</subfield>
    <subfield code="c">17</subfield>
    <subfield code="d">1977-06-01</subfield>
    <subfield code="h">Vol. 7, N&#xBA; 3 - jun. 1977</subfield>
    <subfield code="l">0</subfield>
    <subfield code="o">H330 PUB v7.n3</subfield>
    <subfield code="p">R06085</subfield>
    <subfield code="r">2026-04-10 16:07:16</subfield>
    <subfield code="w">2026-04-10</subfield>
    <subfield code="y">RN</subfield>
  </datafield>
  <datafield tag="952" ind1=" " ind2=" ">
    <subfield code="0">0</subfield>
    <subfield code="1">0</subfield>
    <subfield code="4">0</subfield>
    <subfield code="7">0</subfield>
    <subfield code="a">BCEJYS</subfield>
    <subfield code="b">BCEJYS</subfield>
    <subfield code="c">17</subfield>
    <subfield code="d">1977-04-01</subfield>
    <subfield code="h">Vol. 7, N&#xBA; 2 - abr. 1977</subfield>
    <subfield code="l">0</subfield>
    <subfield code="o">H330 PUB v7.n2</subfield>
    <subfield code="p">R06084</subfield>
    <subfield code="r">2026-04-10 16:07:16</subfield>
    <subfield code="w">2026-04-10</subfield>
    <subfield code="y">RN</subfield>
  </datafield>
  <datafield tag="952" ind1=" " ind2=" ">
    <subfield code="0">0</subfield>
    <subfield code="1">0</subfield>
    <subfield code="4">0</subfield>
    <subfield code="7">0</subfield>
    <subfield code="a">BCEJYS</subfield>
    <subfield code="b">BCEJYS</subfield>
    <subfield code="c">17</subfield>
    <subfield code="d">1977-02-01</subfield>
    <subfield code="h">Vol. 7, N&#xBA; 1 - feb. 1977</subfield>
    <subfield code="l">0</subfield>
    <subfield code="o">H330 PUB v7.n1</subfield>
    <subfield code="p">R06083</subfield>
    <subfield code="r">2026-04-10 16:07:16</subfield>
    <subfield code="w">2026-04-10</subfield>
    <subfield code="y">RN</subfield>
  </datafield>
  <datafield tag="952" ind1=" " ind2=" ">
    <subfield code="0">0</subfield>
    <subfield code="1">0</subfield>
    <subfield code="4">0</subfield>
    <subfield code="7">0</subfield>
    <subfield code="a">BCEJYS</subfield>
    <subfield code="b">BCEJYS</subfield>
    <subfield code="c">17</subfield>
    <subfield code="d">1976-11-01</subfield>
    <subfield code="h">Vol. 6, N&#xBA; 4 - nov. 1976</subfield>
    <subfield code="l">0</subfield>
    <subfield code="o">H330 PUB v6.n4</subfield>
    <subfield code="p">R06082</subfield>
    <subfield code="r">2026-04-10 16:07:16</subfield>
    <subfield code="w">2026-04-10</subfield>
    <subfield code="y">RN</subfield>
  </datafield>
  <datafield tag="952" ind1=" " ind2=" ">
    <subfield code="0">0</subfield>
    <subfield code="1">0</subfield>
    <subfield code="4">0</subfield>
    <subfield code="7">0</subfield>
    <subfield code="a">BCEJYS</subfield>
    <subfield code="b">BCEJYS</subfield>
    <subfield code="c">17</subfield>
    <subfield code="d">1976-10-01</subfield>
    <subfield code="h">Vol. 6, N&#xBA; 3 - oct. 1976</subfield>
    <subfield code="l">0</subfield>
    <subfield code="o">H330 PUB v6.n3</subfield>
    <subfield code="p">R06081</subfield>
    <subfield code="r">2026-04-10 16:07:16</subfield>
    <subfield code="w">2026-04-10</subfield>
    <subfield code="y">RN</subfield>
  </datafield>
  <datafield tag="952" ind1=" " ind2=" ">
    <subfield code="0">0</subfield>
    <subfield code="1">0</subfield>
    <subfield code="4">0</subfield>
    <subfield code="7">0</subfield>
    <subfield code="a">BCEJYS</subfield>
    <subfield code="b">BCEJYS</subfield>
    <subfield code="c">17</subfield>
    <subfield code="d">1976-07-01</subfield>
    <subfield code="h">Vol. 6, N&#xBA; 1/2 - jul./ago. 1976</subfield>
    <subfield code="l">0</subfield>
    <subfield code="o">H330 PUB v6.n1/2</subfield>
    <subfield code="p">R06080</subfield>
    <subfield code="r">2026-04-10 16:07:16</subfield>
    <subfield code="w">2026-04-10</subfield>
    <subfield code="y">RN</subfield>
  </datafield>
  <datafield tag="952" ind1=" " ind2=" ">
    <subfield code="0">0</subfield>
    <subfield code="1">0</subfield>
    <subfield code="4">0</subfield>
    <subfield code="7">0</subfield>
    <subfield code="a">BCEJYS</subfield>
    <subfield code="b">BCEJYS</subfield>
    <subfield code="c">17</subfield>
    <subfield code="d">1976-04-01</subfield>
    <subfield code="h">Vol. 5, N&#xBA; 3/4 - abr./mayo. 1976</subfield>
    <subfield code="l">0</subfield>
    <subfield code="o">H330 PUB v5.n3/4</subfield>
    <subfield code="p">R06078</subfield>
    <subfield code="r">2026-04-10 16:07:16</subfield>
    <subfield code="w">2026-04-10</subfield>
    <subfield code="y">RN</subfield>
  </datafield>
  <datafield tag="952" ind1=" " ind2=" ">
    <subfield code="0">0</subfield>
    <subfield code="1">0</subfield>
    <subfield code="4">0</subfield>
    <subfield code="7">0</subfield>
    <subfield code="a">BCEJYS</subfield>
    <subfield code="b">BCEJYS</subfield>
    <subfield code="c">17</subfield>
    <subfield code="d">1976-01-01</subfield>
    <subfield code="h">Vol. 5, N&#xBA; 1/2 - ene./feb. 1976</subfield>
    <subfield code="l">0</subfield>
    <subfield code="o">H330 PUB v5.n1/2</subfield>
    <subfield code="p">R06079</subfield>
    <subfield code="r">2026-04-10 16:07:16</subfield>
    <subfield code="w">2026-04-10</subfield>
    <subfield code="y">RN</subfield>
  </datafield>
  <datafield tag="952" ind1=" " ind2=" ">
    <subfield code="0">0</subfield>
    <subfield code="1">0</subfield>
    <subfield code="4">0</subfield>
    <subfield code="7">0</subfield>
    <subfield code="a">BCEJYS</subfield>
    <subfield code="b">BCEJYS</subfield>
    <subfield code="c">17</subfield>
    <subfield code="d">1975-02-01</subfield>
    <subfield code="h">Vol.4, N&#xBA; 1 - feb. 1975</subfield>
    <subfield code="l">0</subfield>
    <subfield code="o">H330 PUB v4.n1</subfield>
    <subfield code="p">R10126</subfield>
    <subfield code="r">2026-04-10 16:07:16</subfield>
    <subfield code="w">2026-04-10</subfield>
    <subfield code="y">RN</subfield>
  </datafield>
  <datafield tag="952" ind1=" " ind2=" ">
    <subfield code="0">0</subfield>
    <subfield code="1">0</subfield>
    <subfield code="4">0</subfield>
    <subfield code="7">0</subfield>
    <subfield code="a">BCEJYS</subfield>
    <subfield code="b">BCEJYS</subfield>
    <subfield code="c">17</subfield>
    <subfield code="d">0200-05-01</subfield>
    <subfield code="h">Vol. 76, N&#xBA; 2 - may. 2000</subfield>
    <subfield code="l">0</subfield>
    <subfield code="o">H330 PUB v76.n2</subfield>
    <subfield code="p">R09771</subfield>
    <subfield code="r">2026-04-10 16:07:16</subfield>
    <subfield code="w">2026-04-10</subfield>
    <subfield code="y">RN</subfield>
  </datafield>
</record>
